<?xml version="1.0" encoding="UTF-8"?>
<record
    xmlns:xsi="http://www.w3.org/2001/XMLSchema-instance"
    xsi:schemaLocation="http://www.loc.gov/MARC21/slim http://www.loc.gov/standards/marcxml/schema/MARC21slim.xsd"
    xmlns="http://www.loc.gov/MARC21/slim">

  <leader>01062nas a2200265 454500</leader>
  <controlfield tag="001">30970</controlfield>
  <controlfield tag="005">20260407193508.0</controlfield>
  <controlfield tag="008">260407s1962####ag###########|||spa#d</controlfield>
  <controlfield tag="003">AR-UNSa-BCEJYS</controlfield>
  <datafield tag="040" ind1=" " ind2=" ">
    <subfield code="a">AR-UNSa-BCEJYS</subfield>
    <subfield code="b">spa</subfield>
    <subfield code="c">AR-UNSa-BCEJYS</subfield>
  </datafield>
  <datafield tag="080" ind1=" " ind2=" ">
    <subfield code="a">34</subfield>
    <subfield code="x">Derecho</subfield>
  </datafield>
  <datafield tag="245" ind1="1" ind2="0">
    <subfield code="a">El Derecho</subfield>
    <subfield code="p">Jurisprudencia General</subfield>
  </datafield>
  <datafield tag="264" ind1=" " ind2="1">
    <subfield code="a">Buenos Aires :</subfield>
    <subfield code="b">Pontificia Universidad Cat&#xF3;lica Argentina</subfield>
    <subfield code="c">1962</subfield>
  </datafield>
  <datafield tag="310" ind1=" " ind2=" ">
    <subfield code="a">Frecuencia: Irregular</subfield>
  </datafield>
  <datafield tag="505" ind1=" " ind2=" ">
    <subfield code="a">Cada tomo incluye distintos tipos de &#xED;ndices alfab&#xE9;ticos: de colaboradores, de partes litigantes, de tribunales, de temas para buscar jurisprudencia. Se publica un repertorio anual que contiene los &#xED;ndices de todos los tomos publicados en ese a&#xF1;o
Cambia de Director a partir del A&#xF1;o 1979, N&#xBA; 80 por Germ&#xE1;n J. Bidart Campos</subfield>
  </datafield>
  <datafield tag="041" ind1=" " ind2=" ">
    <subfield code="a">spa</subfield>
  </datafield>
  <datafield tag="942" ind1=" " ind2=" ">
    <subfield code="c">SER</subfield>
  </datafield>
  <datafield tag="590" ind1=" " ind2=" ">
    <subfield code="a">niveau_biblio:s niveau_hierar:1</subfield>
  </datafield>
  <datafield tag="100" ind1="1" ind2=" ">
    <subfield code="a">Universidad Cat&#xF3;lica Argentina (UCA)</subfield>
  </datafield>
  <datafield tag="700" ind1="1" ind2=" ">
    <subfield code="a">Fornieles, Jorge S.</subfield>
  </datafield>
  <datafield tag="650" ind1=" " ind2=" ">
    <subfield code="a">Argentina</subfield>
  </datafield>
  <datafield tag="650" ind1=" " ind2=" ">
    <subfield code="a">Legislaci&#xF3;n</subfield>
  </datafield>
  <datafield tag="650" ind1=" " ind2=" ">
    <subfield code="a">JURISPRUDENCIA</subfield>
  </datafield>
  <datafield tag="650" ind1=" " ind2=" ">
    <subfield code="a">DOCTRINA</subfield>
  </datafield>
  <datafield tag="999" ind1=" " ind2=" ">
    <subfield code="c">8700</subfield>
    <subfield code="d">8700</subfield>
  </datafield>
  <datafield tag="952" ind1=" " ind2=" ">
    <subfield code="0">0</subfield>
    <subfield code="1">0</subfield>
    <subfield code="4">0</subfield>
    <subfield code="7">0</subfield>
    <subfield code="a">BCEJYS</subfield>
    <subfield code="b">BCEJYS</subfield>
    <subfield code="c">13</subfield>
    <subfield code="d">1988-11-01</subfield>
    <subfield code="h">N&#xBA; 129 - nov./dic. 1988</subfield>
    <subfield code="l">0</subfield>
    <subfield code="o">H34 DER 129</subfield>
    <subfield code="p">R15111</subfield>
    <subfield code="r">2026-04-10 16:08:57</subfield>
    <subfield code="w">2026-04-10</subfield>
    <subfield code="y">RN</subfield>
  </datafield>
  <datafield tag="952" ind1=" " ind2=" ">
    <subfield code="0">0</subfield>
    <subfield code="1">0</subfield>
    <subfield code="4">0</subfield>
    <subfield code="7">0</subfield>
    <subfield code="a">BCEJYS</subfield>
    <subfield code="b">BCEJYS</subfield>
    <subfield code="c">13</subfield>
    <subfield code="d">1988-08-01</subfield>
    <subfield code="h">N&#xBA; 128 - ago./oct. 1988</subfield>
    <subfield code="l">0</subfield>
    <subfield code="o">H34 DER 128</subfield>
    <subfield code="p">R15110</subfield>
    <subfield code="r">2026-04-10 16:08:57</subfield>
    <subfield code="w">2026-04-10</subfield>
    <subfield code="y">RN</subfield>
  </datafield>
  <datafield tag="952" ind1=" " ind2=" ">
    <subfield code="0">0</subfield>
    <subfield code="1">0</subfield>
    <subfield code="4">0</subfield>
    <subfield code="7">0</subfield>
    <subfield code="a">BCEJYS</subfield>
    <subfield code="b">BCEJYS</subfield>
    <subfield code="c">13</subfield>
    <subfield code="d">1988-05-01</subfield>
    <subfield code="h">N&#xBA; 127 - mayo/jul. 1988</subfield>
    <subfield code="l">0</subfield>
    <subfield code="o">H34 DER 127</subfield>
    <subfield code="p">R15109</subfield>
    <subfield code="r">2026-04-10 16:08:57</subfield>
    <subfield code="w">2026-04-10</subfield>
    <subfield code="y">RN</subfield>
  </datafield>
  <datafield tag="952" ind1=" " ind2=" ">
    <subfield code="0">0</subfield>
    <subfield code="1">0</subfield>
    <subfield code="4">0</subfield>
    <subfield code="7">0</subfield>
    <subfield code="a">BCEJYS</subfield>
    <subfield code="b">BCEJYS</subfield>
    <subfield code="c">13</subfield>
    <subfield code="d">1988-03-01</subfield>
    <subfield code="h">N&#xBA; 126 - mar./abr. 1988</subfield>
    <subfield code="l">0</subfield>
    <subfield code="o">H34 DER 126</subfield>
    <subfield code="p">R15108</subfield>
    <subfield code="r">2026-04-10 16:08:57</subfield>
    <subfield code="w">2026-04-10</subfield>
    <subfield code="y">RN</subfield>
  </datafield>
  <datafield tag="952" ind1=" " ind2=" ">
    <subfield code="0">0</subfield>
    <subfield code="1">0</subfield>
    <subfield code="4">0</subfield>
    <subfield code="7">0</subfield>
    <subfield code="a">BCEJYS</subfield>
    <subfield code="b">BCEJYS</subfield>
    <subfield code="c">13</subfield>
    <subfield code="d">1988-01-01</subfield>
    <subfield code="h">N&#xBA; 125 - ene./feb. 1988</subfield>
    <subfield code="l">0</subfield>
    <subfield code="o">H34 DER 125</subfield>
    <subfield code="p">R15107</subfield>
    <subfield code="r">2026-04-10 16:08:57</subfield>
    <subfield code="w">2026-04-10</subfield>
    <subfield code="y">RN</subfield>
  </datafield>
  <datafield tag="952" ind1=" " ind2=" ">
    <subfield code="0">0</subfield>
    <subfield code="1">0</subfield>
    <subfield code="4">0</subfield>
    <subfield code="7">0</subfield>
    <subfield code="a">BCEJYS</subfield>
    <subfield code="b">BCEJYS</subfield>
    <subfield code="c">13</subfield>
    <subfield code="d">1987-11-01</subfield>
    <subfield code="h">N&#xBA; 124 - nov./dic. 1987</subfield>
    <subfield code="l">0</subfield>
    <subfield code="o">H34 DER 124</subfield>
    <subfield code="p">R15106</subfield>
    <subfield code="r">2026-04-10 16:08:57</subfield>
    <subfield code="w">2026-04-10</subfield>
    <subfield code="y">RN</subfield>
  </datafield>
  <datafield tag="952" ind1=" " ind2=" ">
    <subfield code="0">0</subfield>
    <subfield code="1">0</subfield>
    <subfield code="4">0</subfield>
    <subfield code="7">0</subfield>
    <subfield code="a">BCEJYS</subfield>
    <subfield code="b">BCEJYS</subfield>
    <subfield code="c">13</subfield>
    <subfield code="d">1987-08-01</subfield>
    <subfield code="h">N&#xBA; 123 - ago./oct. 1987</subfield>
    <subfield code="l">0</subfield>
    <subfield code="o">H34 DER 123</subfield>
    <subfield code="p">R15105</subfield>
    <subfield code="r">2026-04-10 16:08:57</subfield>
    <subfield code="w">2026-04-10</subfield>
    <subfield code="y">RN</subfield>
  </datafield>
  <datafield tag="952" ind1=" " ind2=" ">
    <subfield code="0">0</subfield>
    <subfield code="1">0</subfield>
    <subfield code="4">0</subfield>
    <subfield code="7">0</subfield>
    <subfield code="a">BCEJYS</subfield>
    <subfield code="b">BCEJYS</subfield>
    <subfield code="c">13</subfield>
    <subfield code="d">1987-05-01</subfield>
    <subfield code="h">N&#xBA; 122 - mayo/jul. 1987</subfield>
    <subfield code="l">0</subfield>
    <subfield code="o">H34 DER 122</subfield>
    <subfield code="p">R15104</subfield>
    <subfield code="r">2026-04-10 16:08:57</subfield>
    <subfield code="w">2026-04-10</subfield>
    <subfield code="y">RN</subfield>
  </datafield>
  <datafield tag="952" ind1=" " ind2=" ">
    <subfield code="0">0</subfield>
    <subfield code="1">0</subfield>
    <subfield code="4">0</subfield>
    <subfield code="7">0</subfield>
    <subfield code="a">BCEJYS</subfield>
    <subfield code="b">BCEJYS</subfield>
    <subfield code="c">13</subfield>
    <subfield code="d">1987-03-01</subfield>
    <subfield code="h">N&#xBA; 121 - mar./abr. 1987</subfield>
    <subfield code="l">0</subfield>
    <subfield code="o">H34 DER 121</subfield>
    <subfield code="p">R15103</subfield>
    <subfield code="r">2026-04-10 16:08:57</subfield>
    <subfield code="w">2026-04-10</subfield>
    <subfield code="y">RN</subfield>
  </datafield>
  <datafield tag="952" ind1=" " ind2=" ">
    <subfield code="0">0</subfield>
    <subfield code="1">0</subfield>
    <subfield code="4">0</subfield>
    <subfield code="7">0</subfield>
    <subfield code="a">BCEJYS</subfield>
    <subfield code="b">BCEJYS</subfield>
    <subfield code="c">13</subfield>
    <subfield code="d">1987-01-01</subfield>
    <subfield code="h">N&#xBA; 120 - ene./feb. 1987</subfield>
    <subfield code="l">0</subfield>
    <subfield code="o">H34 DER 120</subfield>
    <subfield code="p">R15102</subfield>
    <subfield code="r">2026-04-10 16:08:57</subfield>
    <subfield code="w">2026-04-10</subfield>
    <subfield code="y">RN</subfield>
  </datafield>
  <datafield tag="952" ind1=" " ind2=" ">
    <subfield code="0">0</subfield>
    <subfield code="1">0</subfield>
    <subfield code="4">0</subfield>
    <subfield code="7">0</subfield>
    <subfield code="a">BCEJYS</subfield>
    <subfield code="b">BCEJYS</subfield>
    <subfield code="c">13</subfield>
    <subfield code="d">1986-07-01</subfield>
    <subfield code="h">N&#xBA; 116 - jul./dic. 1986</subfield>
    <subfield code="l">0</subfield>
    <subfield code="o">H34 DER 116</subfield>
    <subfield code="p">R15101</subfield>
    <subfield code="r">2026-04-10 16:08:57</subfield>
    <subfield code="w">2026-04-10</subfield>
    <subfield code="y">RN</subfield>
  </datafield>
  <datafield tag="952" ind1=" " ind2=" ">
    <subfield code="0">0</subfield>
    <subfield code="1">0</subfield>
    <subfield code="4">0</subfield>
    <subfield code="7">0</subfield>
    <subfield code="a">BCEJYS</subfield>
    <subfield code="b">BCEJYS</subfield>
    <subfield code="c">13</subfield>
    <subfield code="d">1986-01-01</subfield>
    <subfield code="h">N&#xBA; 115 - ene./jun. 1986</subfield>
    <subfield code="l">0</subfield>
    <subfield code="o">H34 DER 115</subfield>
    <subfield code="p">R15100</subfield>
    <subfield code="r">2026-04-10 16:08:57</subfield>
    <subfield code="w">2026-04-10</subfield>
    <subfield code="y">RN</subfield>
  </datafield>
  <datafield tag="952" ind1=" " ind2=" ">
    <subfield code="0">0</subfield>
    <subfield code="1">0</subfield>
    <subfield code="4">0</subfield>
    <subfield code="7">0</subfield>
    <subfield code="a">BCEJYS</subfield>
    <subfield code="b">BCEJYS</subfield>
    <subfield code="c">13</subfield>
    <subfield code="d">1985-11-01</subfield>
    <subfield code="h">N&#xBA; 114 - nov./dic. 1985</subfield>
    <subfield code="l">0</subfield>
    <subfield code="o">H34 DER 114</subfield>
    <subfield code="p">R15099</subfield>
    <subfield code="r">2026-04-10 16:08:57</subfield>
    <subfield code="w">2026-04-10</subfield>
    <subfield code="y">RN</subfield>
  </datafield>
  <datafield tag="952" ind1=" " ind2=" ">
    <subfield code="0">0</subfield>
    <subfield code="1">0</subfield>
    <subfield code="4">0</subfield>
    <subfield code="7">0</subfield>
    <subfield code="a">BCEJYS</subfield>
    <subfield code="b">BCEJYS</subfield>
    <subfield code="c">13</subfield>
    <subfield code="d">1985-08-01</subfield>
    <subfield code="h">N&#xBA; 113 - ago./oct. 1985</subfield>
    <subfield code="l">0</subfield>
    <subfield code="o">H34 DER 113</subfield>
    <subfield code="p">R15098</subfield>
    <subfield code="r">2026-04-10 16:08:57</subfield>
    <subfield code="w">2026-04-10</subfield>
    <subfield code="y">RN</subfield>
  </datafield>
  <datafield tag="952" ind1=" " ind2=" ">
    <subfield code="0">0</subfield>
    <subfield code="1">0</subfield>
    <subfield code="4">0</subfield>
    <subfield code="7">0</subfield>
    <subfield code="a">BCEJYS</subfield>
    <subfield code="b">BCEJYS</subfield>
    <subfield code="c">13</subfield>
    <subfield code="d">1985-05-01</subfield>
    <subfield code="h">N&#xBA; 112 - mayo/jul. 1985</subfield>
    <subfield code="l">0</subfield>
    <subfield code="o">H34 DER 112</subfield>
    <subfield code="p">R15097</subfield>
    <subfield code="r">2026-04-10 16:08:57</subfield>
    <subfield code="w">2026-04-10</subfield>
    <subfield code="y">RN</subfield>
  </datafield>
  <datafield tag="952" ind1=" " ind2=" ">
    <subfield code="0">0</subfield>
    <subfield code="1">0</subfield>
    <subfield code="4">0</subfield>
    <subfield code="7">0</subfield>
    <subfield code="a">BCEJYS</subfield>
    <subfield code="b">BCEJYS</subfield>
    <subfield code="c">13</subfield>
    <subfield code="d">1985-03-01</subfield>
    <subfield code="h">N&#xBA; 111 - mar./abr. 1985</subfield>
    <subfield code="l">0</subfield>
    <subfield code="o">H34 DER 111</subfield>
    <subfield code="p">R15096</subfield>
    <subfield code="r">2026-04-10 16:08:57</subfield>
    <subfield code="w">2026-04-10</subfield>
    <subfield code="y">RN</subfield>
  </datafield>
  <datafield tag="952" ind1=" " ind2=" ">
    <subfield code="0">0</subfield>
    <subfield code="1">0</subfield>
    <subfield code="4">0</subfield>
    <subfield code="7">0</subfield>
    <subfield code="a">BCEJYS</subfield>
    <subfield code="b">BCEJYS</subfield>
    <subfield code="c">13</subfield>
    <subfield code="d">1985-01-01</subfield>
    <subfield code="h">N&#xBA; 110 - ene./feb. 1985</subfield>
    <subfield code="l">0</subfield>
    <subfield code="o">H34 DER 110</subfield>
    <subfield code="p">R15095</subfield>
    <subfield code="r">2026-04-10 16:08:57</subfield>
    <subfield code="w">2026-04-10</subfield>
    <subfield code="y">RN</subfield>
  </datafield>
  <datafield tag="952" ind1=" " ind2=" ">
    <subfield code="0">0</subfield>
    <subfield code="1">0</subfield>
    <subfield code="4">0</subfield>
    <subfield code="7">0</subfield>
    <subfield code="a">BCEJYS</subfield>
    <subfield code="b">BCEJYS</subfield>
    <subfield code="c">13</subfield>
    <subfield code="d">1984-11-01</subfield>
    <subfield code="h">N&#xBA; 109 - nov./dic. 1984</subfield>
    <subfield code="l">0</subfield>
    <subfield code="o">H34 DER 109</subfield>
    <subfield code="p">R15094</subfield>
    <subfield code="r">2026-04-10 16:08:57</subfield>
    <subfield code="w">2026-04-10</subfield>
    <subfield code="y">RN</subfield>
  </datafield>
  <datafield tag="952" ind1=" " ind2=" ">
    <subfield code="0">0</subfield>
    <subfield code="1">0</subfield>
    <subfield code="4">0</subfield>
    <subfield code="7">0</subfield>
    <subfield code="a">BCEJYS</subfield>
    <subfield code="b">BCEJYS</subfield>
    <subfield code="c">13</subfield>
    <subfield code="d">1984-08-01</subfield>
    <subfield code="h">N&#xBA; 108 - ago./oct. 1984</subfield>
    <subfield code="l">0</subfield>
    <subfield code="o">H34 DER 108</subfield>
    <subfield code="p">R15093</subfield>
    <subfield code="r">2026-04-10 16:08:57</subfield>
    <subfield code="w">2026-04-10</subfield>
    <subfield code="y">RN</subfield>
  </datafield>
  <datafield tag="952" ind1=" " ind2=" ">
    <subfield code="0">0</subfield>
    <subfield code="1">0</subfield>
    <subfield code="4">0</subfield>
    <subfield code="7">0</subfield>
    <subfield code="a">BCEJYS</subfield>
    <subfield code="b">BCEJYS</subfield>
    <subfield code="c">13</subfield>
    <subfield code="d">1984-05-01</subfield>
    <subfield code="h">N&#xBA; 107 - mayo/jul. 1984</subfield>
    <subfield code="l">0</subfield>
    <subfield code="o">H34 DER 107</subfield>
    <subfield code="p">R15092</subfield>
    <subfield code="r">2026-04-10 16:08:57</subfield>
    <subfield code="w">2026-04-10</subfield>
    <subfield code="y">RN</subfield>
  </datafield>
  <datafield tag="952" ind1=" " ind2=" ">
    <subfield code="0">0</subfield>
    <subfield code="1">0</subfield>
    <subfield code="4">0</subfield>
    <subfield code="7">0</subfield>
    <subfield code="a">BCEJYS</subfield>
    <subfield code="b">BCEJYS</subfield>
    <subfield code="c">13</subfield>
    <subfield code="d">1984-03-01</subfield>
    <subfield code="h">N&#xBA; 106 - mar./abr. 1984</subfield>
    <subfield code="l">0</subfield>
    <subfield code="o">H34 DER 106</subfield>
    <subfield code="p">R15091</subfield>
    <subfield code="r">2026-04-10 16:08:57</subfield>
    <subfield code="w">2026-04-10</subfield>
    <subfield code="y">RN</subfield>
  </datafield>
  <datafield tag="952" ind1=" " ind2=" ">
    <subfield code="0">0</subfield>
    <subfield code="1">0</subfield>
    <subfield code="4">0</subfield>
    <subfield code="7">0</subfield>
    <subfield code="a">BCEJYS</subfield>
    <subfield code="b">BCEJYS</subfield>
    <subfield code="c">13</subfield>
    <subfield code="d">1984-01-01</subfield>
    <subfield code="h">N&#xBA; 105 - ene./feb. 1984</subfield>
    <subfield code="l">0</subfield>
    <subfield code="o">H34 DER 105</subfield>
    <subfield code="p">R15090</subfield>
    <subfield code="r">2026-04-10 16:08:58</subfield>
    <subfield code="w">2026-04-10</subfield>
    <subfield code="y">RN</subfield>
  </datafield>
  <datafield tag="952" ind1=" " ind2=" ">
    <subfield code="0">0</subfield>
    <subfield code="1">0</subfield>
    <subfield code="4">0</subfield>
    <subfield code="7">0</subfield>
    <subfield code="a">BCEJYS</subfield>
    <subfield code="b">BCEJYS</subfield>
    <subfield code="c">13</subfield>
    <subfield code="d">1983-11-01</subfield>
    <subfield code="h">N&#xBA; 104 - nov./dic. 1983</subfield>
    <subfield code="l">0</subfield>
    <subfield code="o">H34 DER 104</subfield>
    <subfield code="p">R15089</subfield>
    <subfield code="r">2026-04-10 16:08:58</subfield>
    <subfield code="w">2026-04-10</subfield>
    <subfield code="y">RN</subfield>
  </datafield>
  <datafield tag="952" ind1=" " ind2=" ">
    <subfield code="0">0</subfield>
    <subfield code="1">0</subfield>
    <subfield code="4">0</subfield>
    <subfield code="7">0</subfield>
    <subfield code="a">BCEJYS</subfield>
    <subfield code="b">BCEJYS</subfield>
    <subfield code="c">13</subfield>
    <subfield code="d">1983-08-01</subfield>
    <subfield code="h">N&#xBA; 103 - ago./oct. 1983</subfield>
    <subfield code="l">0</subfield>
    <subfield code="o">H34 DER 103</subfield>
    <subfield code="p">R15088</subfield>
    <subfield code="r">2026-04-10 16:08:58</subfield>
    <subfield code="w">2026-04-10</subfield>
    <subfield code="y">RN</subfield>
  </datafield>
  <datafield tag="952" ind1=" " ind2=" ">
    <subfield code="0">0</subfield>
    <subfield code="1">0</subfield>
    <subfield code="4">0</subfield>
    <subfield code="7">0</subfield>
    <subfield code="a">BCEJYS</subfield>
    <subfield code="b">BCEJYS</subfield>
    <subfield code="c">13</subfield>
    <subfield code="d">1983-05-01</subfield>
    <subfield code="h">N&#xBA; 102 - mayo/jul. 1983</subfield>
    <subfield code="l">0</subfield>
    <subfield code="o">H34 DER 102</subfield>
    <subfield code="p">R15087</subfield>
    <subfield code="r">2026-04-10 16:08:58</subfield>
    <subfield code="w">2026-04-10</subfield>
    <subfield code="y">RN</subfield>
  </datafield>
  <datafield tag="952" ind1=" " ind2=" ">
    <subfield code="0">0</subfield>
    <subfield code="1">0</subfield>
    <subfield code="4">0</subfield>
    <subfield code="7">0</subfield>
    <subfield code="a">BCEJYS</subfield>
    <subfield code="b">BCEJYS</subfield>
    <subfield code="c">13</subfield>
    <subfield code="d">1983-03-01</subfield>
    <subfield code="h">N&#xBA; 101 - mar./abr. 1983</subfield>
    <subfield code="l">0</subfield>
    <subfield code="o">H34 DER 101</subfield>
    <subfield code="p">R15086</subfield>
    <subfield code="r">2026-04-10 16:08:58</subfield>
    <subfield code="w">2026-04-10</subfield>
    <subfield code="y">RN</subfield>
  </datafield>
  <datafield tag="952" ind1=" " ind2=" ">
    <subfield code="0">0</subfield>
    <subfield code="1">0</subfield>
    <subfield code="4">0</subfield>
    <subfield code="7">0</subfield>
    <subfield code="a">BCEJYS</subfield>
    <subfield code="b">BCEJYS</subfield>
    <subfield code="c">13</subfield>
    <subfield code="d">1983-01-01</subfield>
    <subfield code="h">N&#xBA; 100 - ene./feb. 1983</subfield>
    <subfield code="l">0</subfield>
    <subfield code="o">H34 DER 100</subfield>
    <subfield code="p">R15085</subfield>
    <subfield code="r">2026-04-10 16:08:58</subfield>
    <subfield code="w">2026-04-10</subfield>
    <subfield code="y">RN</subfield>
  </datafield>
  <datafield tag="952" ind1=" " ind2=" ">
    <subfield code="0">0</subfield>
    <subfield code="1">0</subfield>
    <subfield code="4">0</subfield>
    <subfield code="7">0</subfield>
    <subfield code="a">BCEJYS</subfield>
    <subfield code="b">BCEJYS</subfield>
    <subfield code="c">13</subfield>
    <subfield code="d">1982-11-01</subfield>
    <subfield code="h">N&#xBA; 99 - nov./dic. 1982</subfield>
    <subfield code="l">0</subfield>
    <subfield code="o">H34 DER 99</subfield>
    <subfield code="p">R15084</subfield>
    <subfield code="r">2026-04-10 16:08:58</subfield>
    <subfield code="w">2026-04-10</subfield>
    <subfield code="y">RN</subfield>
  </datafield>
  <datafield tag="952" ind1=" " ind2=" ">
    <subfield code="0">0</subfield>
    <subfield code="1">0</subfield>
    <subfield code="4">0</subfield>
    <subfield code="7">0</subfield>
    <subfield code="a">BCEJYS</subfield>
    <subfield code="b">BCEJYS</subfield>
    <subfield code="c">13</subfield>
    <subfield code="d">1982-08-01</subfield>
    <subfield code="h">N&#xBA; 98 - ago./oct. 1982</subfield>
    <subfield code="l">0</subfield>
    <subfield code="o">H34 DER 98</subfield>
    <subfield code="p">R15083</subfield>
    <subfield code="r">2026-04-10 16:08:58</subfield>
    <subfield code="w">2026-04-10</subfield>
    <subfield code="y">RN</subfield>
  </datafield>
  <datafield tag="952" ind1=" " ind2=" ">
    <subfield code="0">0</subfield>
    <subfield code="1">0</subfield>
    <subfield code="4">0</subfield>
    <subfield code="7">0</subfield>
    <subfield code="a">BCEJYS</subfield>
    <subfield code="b">BCEJYS</subfield>
    <subfield code="c">13</subfield>
    <subfield code="d">1982-05-01</subfield>
    <subfield code="h">N&#xBA; 97 - mayo/jul. 1982</subfield>
    <subfield code="l">0</subfield>
    <subfield code="o">H34 DER 97</subfield>
    <subfield code="p">R15082</subfield>
    <subfield code="r">2026-04-10 16:08:58</subfield>
    <subfield code="w">2026-04-10</subfield>
    <subfield code="y">RN</subfield>
  </datafield>
  <datafield tag="952" ind1=" " ind2=" ">
    <subfield code="0">0</subfield>
    <subfield code="1">0</subfield>
    <subfield code="4">0</subfield>
    <subfield code="7">0</subfield>
    <subfield code="a">BCEJYS</subfield>
    <subfield code="b">BCEJYS</subfield>
    <subfield code="c">13</subfield>
    <subfield code="d">1982-03-01</subfield>
    <subfield code="h">N&#xBA; 96 - mar./abr. 1982</subfield>
    <subfield code="l">0</subfield>
    <subfield code="o">H34 DER 96</subfield>
    <subfield code="p">R15081</subfield>
    <subfield code="r">2026-04-10 16:08:58</subfield>
    <subfield code="w">2026-04-10</subfield>
    <subfield code="y">RN</subfield>
  </datafield>
  <datafield tag="952" ind1=" " ind2=" ">
    <subfield code="0">0</subfield>
    <subfield code="1">0</subfield>
    <subfield code="4">0</subfield>
    <subfield code="7">0</subfield>
    <subfield code="a">BCEJYS</subfield>
    <subfield code="b">BCEJYS</subfield>
    <subfield code="c">13</subfield>
    <subfield code="d">1982-01-01</subfield>
    <subfield code="h">N&#xBA; 95 - ene./feb. 1982</subfield>
    <subfield code="l">0</subfield>
    <subfield code="o">H34 DER 95</subfield>
    <subfield code="p">R15080</subfield>
    <subfield code="r">2026-04-10 16:08:58</subfield>
    <subfield code="w">2026-04-10</subfield>
    <subfield code="y">RN</subfield>
  </datafield>
  <datafield tag="952" ind1=" " ind2=" ">
    <subfield code="0">0</subfield>
    <subfield code="1">0</subfield>
    <subfield code="4">0</subfield>
    <subfield code="7">0</subfield>
    <subfield code="a">BCEJYS</subfield>
    <subfield code="b">BCEJYS</subfield>
    <subfield code="c">13</subfield>
    <subfield code="d">1981-11-01</subfield>
    <subfield code="h">N&#xBA; 94 - nov./dic. 1981</subfield>
    <subfield code="l">0</subfield>
    <subfield code="o">H34 DER 94</subfield>
    <subfield code="p">R15079</subfield>
    <subfield code="r">2026-04-10 16:08:58</subfield>
    <subfield code="w">2026-04-10</subfield>
    <subfield code="y">RN</subfield>
  </datafield>
  <datafield tag="952" ind1=" " ind2=" ">
    <subfield code="0">0</subfield>
    <subfield code="1">0</subfield>
    <subfield code="4">0</subfield>
    <subfield code="7">0</subfield>
    <subfield code="a">BCEJYS</subfield>
    <subfield code="b">BCEJYS</subfield>
    <subfield code="c">13</subfield>
    <subfield code="d">1981-08-01</subfield>
    <subfield code="h">N&#xBA; 93 - ago./oct. 1981</subfield>
    <subfield code="l">0</subfield>
    <subfield code="o">H34 DER 93</subfield>
    <subfield code="p">R15078</subfield>
    <subfield code="r">2026-04-10 16:08:58</subfield>
    <subfield code="w">2026-04-10</subfield>
    <subfield code="y">RN</subfield>
  </datafield>
  <datafield tag="952" ind1=" " ind2=" ">
    <subfield code="0">0</subfield>
    <subfield code="1">0</subfield>
    <subfield code="4">0</subfield>
    <subfield code="7">0</subfield>
    <subfield code="a">BCEJYS</subfield>
    <subfield code="b">BCEJYS</subfield>
    <subfield code="c">13</subfield>
    <subfield code="d">1981-05-01</subfield>
    <subfield code="h">N&#xBA; 92 - mayo/jul. 1981</subfield>
    <subfield code="l">0</subfield>
    <subfield code="o">H34 DER 92</subfield>
    <subfield code="p">R15077</subfield>
    <subfield code="r">2026-04-10 16:08:58</subfield>
    <subfield code="w">2026-04-10</subfield>
    <subfield code="y">RN</subfield>
  </datafield>
  <datafield tag="952" ind1=" " ind2=" ">
    <subfield code="0">0</subfield>
    <subfield code="1">0</subfield>
    <subfield code="4">0</subfield>
    <subfield code="7">0</subfield>
    <subfield code="a">BCEJYS</subfield>
    <subfield code="b">BCEJYS</subfield>
    <subfield code="c">13</subfield>
    <subfield code="d">1981-03-01</subfield>
    <subfield code="h">N&#xBA; 91 - mar./abr. 1981</subfield>
    <subfield code="l">0</subfield>
    <subfield code="o">H34 DER 91</subfield>
    <subfield code="p">R15076</subfield>
    <subfield code="r">2026-04-10 16:08:58</subfield>
    <subfield code="w">2026-04-10</subfield>
    <subfield code="y">RN</subfield>
  </datafield>
  <datafield tag="952" ind1=" " ind2=" ">
    <subfield code="0">0</subfield>
    <subfield code="1">0</subfield>
    <subfield code="4">0</subfield>
    <subfield code="7">0</subfield>
    <subfield code="a">BCEJYS</subfield>
    <subfield code="b">BCEJYS</subfield>
    <subfield code="c">13</subfield>
    <subfield code="d">1981-01-01</subfield>
    <subfield code="h">N&#xBA; 90 - ene./abr. 1981</subfield>
    <subfield code="l">0</subfield>
    <subfield code="o">H34 DER 90</subfield>
    <subfield code="p">R14888</subfield>
    <subfield code="r">2026-04-10 16:08:58</subfield>
    <subfield code="w">2026-04-10</subfield>
    <subfield code="y">RN</subfield>
  </datafield>
  <datafield tag="952" ind1=" " ind2=" ">
    <subfield code="0">0</subfield>
    <subfield code="1">0</subfield>
    <subfield code="4">0</subfield>
    <subfield code="7">0</subfield>
    <subfield code="a">BCEJYS</subfield>
    <subfield code="b">BCEJYS</subfield>
    <subfield code="c">13</subfield>
    <subfield code="d">1980-11-01</subfield>
    <subfield code="h">N&#xBA; 89 - nov./dic. 1980</subfield>
    <subfield code="l">0</subfield>
    <subfield code="o">H34 DER 89</subfield>
    <subfield code="p">R15075</subfield>
    <subfield code="r">2026-04-10 16:08:58</subfield>
    <subfield code="w">2026-04-10</subfield>
    <subfield code="y">RN</subfield>
  </datafield>
  <datafield tag="952" ind1=" " ind2=" ">
    <subfield code="0">0</subfield>
    <subfield code="1">0</subfield>
    <subfield code="4">0</subfield>
    <subfield code="7">0</subfield>
    <subfield code="a">BCEJYS</subfield>
    <subfield code="b">BCEJYS</subfield>
    <subfield code="c">13</subfield>
    <subfield code="d">1980-08-01</subfield>
    <subfield code="h">N&#xBA; 88 - ago./oct. 1980</subfield>
    <subfield code="l">0</subfield>
    <subfield code="o">H34 DER 88</subfield>
    <subfield code="p">R15074</subfield>
    <subfield code="r">2026-04-10 16:08:58</subfield>
    <subfield code="w">2026-04-10</subfield>
    <subfield code="y">RN</subfield>
  </datafield>
  <datafield tag="952" ind1=" " ind2=" ">
    <subfield code="0">0</subfield>
    <subfield code="1">0</subfield>
    <subfield code="4">0</subfield>
    <subfield code="7">0</subfield>
    <subfield code="a">BCEJYS</subfield>
    <subfield code="b">BCEJYS</subfield>
    <subfield code="c">13</subfield>
    <subfield code="d">1980-05-01</subfield>
    <subfield code="h">N&#xBA; 87 - mayo/jul. 1980</subfield>
    <subfield code="l">0</subfield>
    <subfield code="o">H34 DER 87</subfield>
    <subfield code="p">R15073</subfield>
    <subfield code="r">2026-04-10 16:08:58</subfield>
    <subfield code="w">2026-04-10</subfield>
    <subfield code="y">RN</subfield>
  </datafield>
  <datafield tag="952" ind1=" " ind2=" ">
    <subfield code="0">0</subfield>
    <subfield code="1">0</subfield>
    <subfield code="4">0</subfield>
    <subfield code="7">0</subfield>
    <subfield code="a">BCEJYS</subfield>
    <subfield code="b">BCEJYS</subfield>
    <subfield code="c">13</subfield>
    <subfield code="d">1980-03-01</subfield>
    <subfield code="h">N&#xBA; 86 - mar./abr. 1980</subfield>
    <subfield code="l">0</subfield>
    <subfield code="o">H34 DER 86</subfield>
    <subfield code="p">R15072</subfield>
    <subfield code="r">2026-04-10 16:08:58</subfield>
    <subfield code="w">2026-04-10</subfield>
    <subfield code="y">RN</subfield>
  </datafield>
  <datafield tag="952" ind1=" " ind2=" ">
    <subfield code="0">0</subfield>
    <subfield code="1">0</subfield>
    <subfield code="4">0</subfield>
    <subfield code="7">0</subfield>
    <subfield code="a">BCEJYS</subfield>
    <subfield code="b">BCEJYS</subfield>
    <subfield code="c">13</subfield>
    <subfield code="d">1980-01-01</subfield>
    <subfield code="h">N&#xBA; 85 - ene./feb. 1980</subfield>
    <subfield code="l">0</subfield>
    <subfield code="o">H34 DER 85</subfield>
    <subfield code="p">R15071</subfield>
    <subfield code="r">2026-04-10 16:08:58</subfield>
    <subfield code="w">2026-04-10</subfield>
    <subfield code="y">RN</subfield>
  </datafield>
  <datafield tag="952" ind1=" " ind2=" ">
    <subfield code="0">0</subfield>
    <subfield code="1">0</subfield>
    <subfield code="4">0</subfield>
    <subfield code="7">0</subfield>
    <subfield code="a">BCEJYS</subfield>
    <subfield code="b">BCEJYS</subfield>
    <subfield code="c">13</subfield>
    <subfield code="d">1979-11-01</subfield>
    <subfield code="h">N&#xBA; 84 - nov./dic. 1979</subfield>
    <subfield code="l">0</subfield>
    <subfield code="o">H34 DER 84</subfield>
    <subfield code="p">R15070</subfield>
    <subfield code="r">2026-04-10 16:08:58</subfield>
    <subfield code="w">2026-04-10</subfield>
    <subfield code="y">RN</subfield>
  </datafield>
  <datafield tag="952" ind1=" " ind2=" ">
    <subfield code="0">0</subfield>
    <subfield code="1">0</subfield>
    <subfield code="4">0</subfield>
    <subfield code="7">0</subfield>
    <subfield code="a">BCEJYS</subfield>
    <subfield code="b">BCEJYS</subfield>
    <subfield code="c">13</subfield>
    <subfield code="d">1979-08-01</subfield>
    <subfield code="h">N&#xBA; 83 - ago./oct. 1979</subfield>
    <subfield code="l">0</subfield>
    <subfield code="o">H34 DER 83</subfield>
    <subfield code="p">R15069</subfield>
    <subfield code="r">2026-04-10 16:08:58</subfield>
    <subfield code="w">2026-04-10</subfield>
    <subfield code="y">RN</subfield>
  </datafield>
  <datafield tag="952" ind1=" " ind2=" ">
    <subfield code="0">0</subfield>
    <subfield code="1">0</subfield>
    <subfield code="4">0</subfield>
    <subfield code="7">0</subfield>
    <subfield code="a">BCEJYS</subfield>
    <subfield code="b">BCEJYS</subfield>
    <subfield code="c">13</subfield>
    <subfield code="d">1979-05-01</subfield>
    <subfield code="h">N&#xBA; 82 - mayo/jul. 1979</subfield>
    <subfield code="l">0</subfield>
    <subfield code="o">H34 DER 82</subfield>
    <subfield code="p">R15067</subfield>
    <subfield code="r">2026-04-10 16:08:58</subfield>
    <subfield code="w">2026-04-10</subfield>
    <subfield code="y">RN</subfield>
  </datafield>
  <datafield tag="952" ind1=" " ind2=" ">
    <subfield code="0">0</subfield>
    <subfield code="1">0</subfield>
    <subfield code="4">0</subfield>
    <subfield code="7">0</subfield>
    <subfield code="a">BCEJYS</subfield>
    <subfield code="b">BCEJYS</subfield>
    <subfield code="c">13</subfield>
    <subfield code="d">1979-05-01</subfield>
    <subfield code="h">N&#xBA; 82 - mayo/jul. 1979</subfield>
    <subfield code="l">0</subfield>
    <subfield code="o">H34 DER 82 Ej.2</subfield>
    <subfield code="p">R15068</subfield>
    <subfield code="r">2026-04-10 16:08:58</subfield>
    <subfield code="w">2026-04-10</subfield>
    <subfield code="y">RN</subfield>
  </datafield>
  <datafield tag="952" ind1=" " ind2=" ">
    <subfield code="0">0</subfield>
    <subfield code="1">0</subfield>
    <subfield code="4">0</subfield>
    <subfield code="7">0</subfield>
    <subfield code="a">BCEJYS</subfield>
    <subfield code="b">BCEJYS</subfield>
    <subfield code="c">13</subfield>
    <subfield code="d">1979-03-01</subfield>
    <subfield code="h">N&#xBA; 81 - mar./abr. 1979</subfield>
    <subfield code="l">0</subfield>
    <subfield code="o">H34 DER 81</subfield>
    <subfield code="p">R15065</subfield>
    <subfield code="r">2026-04-10 16:08:58</subfield>
    <subfield code="w">2026-04-10</subfield>
    <subfield code="y">RN</subfield>
  </datafield>
  <datafield tag="952" ind1=" " ind2=" ">
    <subfield code="0">0</subfield>
    <subfield code="1">0</subfield>
    <subfield code="4">0</subfield>
    <subfield code="7">0</subfield>
    <subfield code="a">BCEJYS</subfield>
    <subfield code="b">BCEJYS</subfield>
    <subfield code="c">13</subfield>
    <subfield code="d">1979-03-01</subfield>
    <subfield code="h">N&#xBA; 81 - mar./abr. 1979</subfield>
    <subfield code="l">0</subfield>
    <subfield code="o">H34 DER 81 Ej.2</subfield>
    <subfield code="p">R15066</subfield>
    <subfield code="r">2026-04-10 16:08:58</subfield>
    <subfield code="w">2026-04-10</subfield>
    <subfield code="y">RN</subfield>
  </datafield>
  <datafield tag="952" ind1=" " ind2=" ">
    <subfield code="0">0</subfield>
    <subfield code="1">0</subfield>
    <subfield code="4">0</subfield>
    <subfield code="7">0</subfield>
    <subfield code="a">BCEJYS</subfield>
    <subfield code="b">BCEJYS</subfield>
    <subfield code="c">13</subfield>
    <subfield code="d">1979-01-01</subfield>
    <subfield code="h">N&#xBA; 80 - ene./feb. 1979</subfield>
    <subfield code="l">0</subfield>
    <subfield code="o">H34 DER 80</subfield>
    <subfield code="p">R15063</subfield>
    <subfield code="r">2026-04-10 16:08:58</subfield>
    <subfield code="w">2026-04-10</subfield>
    <subfield code="y">RN</subfield>
  </datafield>
  <datafield tag="952" ind1=" " ind2=" ">
    <subfield code="0">0</subfield>
    <subfield code="1">0</subfield>
    <subfield code="4">0</subfield>
    <subfield code="7">0</subfield>
    <subfield code="a">BCEJYS</subfield>
    <subfield code="b">BCEJYS</subfield>
    <subfield code="c">13</subfield>
    <subfield code="d">1979-01-01</subfield>
    <subfield code="h">N&#xBA; 80 - ene./feb. 1979</subfield>
    <subfield code="l">0</subfield>
    <subfield code="o">H34 DER 80 Ej.2</subfield>
    <subfield code="p">R15064</subfield>
    <subfield code="r">2026-04-10 16:08:58</subfield>
    <subfield code="w">2026-04-10</subfield>
    <subfield code="y">RN</subfield>
  </datafield>
  <datafield tag="952" ind1=" " ind2=" ">
    <subfield code="0">0</subfield>
    <subfield code="1">0</subfield>
    <subfield code="4">0</subfield>
    <subfield code="7">0</subfield>
    <subfield code="a">BCEJYS</subfield>
    <subfield code="b">BCEJYS</subfield>
    <subfield code="c">13</subfield>
    <subfield code="d">1978-10-01</subfield>
    <subfield code="h">N&#xBA; 79 - oct./dic. 1978</subfield>
    <subfield code="l">0</subfield>
    <subfield code="o">H34 DER 79</subfield>
    <subfield code="p">R15062</subfield>
    <subfield code="r">2026-04-10 16:08:58</subfield>
    <subfield code="w">2026-04-10</subfield>
    <subfield code="y">RN</subfield>
  </datafield>
  <datafield tag="952" ind1=" " ind2=" ">
    <subfield code="0">0</subfield>
    <subfield code="1">0</subfield>
    <subfield code="4">0</subfield>
    <subfield code="7">0</subfield>
    <subfield code="a">BCEJYS</subfield>
    <subfield code="b">BCEJYS</subfield>
    <subfield code="c">13</subfield>
    <subfield code="d">1978-10-01</subfield>
    <subfield code="h">N&#xBA; 79 - oct./dic. 1978</subfield>
    <subfield code="l">0</subfield>
    <subfield code="o">H34 DER 79 Ej.2</subfield>
    <subfield code="p">R15112</subfield>
    <subfield code="r">2026-04-10 16:08:58</subfield>
    <subfield code="w">2026-04-10</subfield>
    <subfield code="y">RN</subfield>
  </datafield>
  <datafield tag="952" ind1=" " ind2=" ">
    <subfield code="0">0</subfield>
    <subfield code="1">0</subfield>
    <subfield code="4">0</subfield>
    <subfield code="7">0</subfield>
    <subfield code="a">BCEJYS</subfield>
    <subfield code="b">BCEJYS</subfield>
    <subfield code="c">13</subfield>
    <subfield code="d">1978-07-01</subfield>
    <subfield code="h">N&#xBA; 78 - jul./sep. 1978</subfield>
    <subfield code="l">0</subfield>
    <subfield code="o">H34 DER 78</subfield>
    <subfield code="p">R15060</subfield>
    <subfield code="r">2026-04-10 16:08:58</subfield>
    <subfield code="w">2026-04-10</subfield>
    <subfield code="y">RN</subfield>
  </datafield>
  <datafield tag="952" ind1=" " ind2=" ">
    <subfield code="0">0</subfield>
    <subfield code="1">0</subfield>
    <subfield code="4">0</subfield>
    <subfield code="7">0</subfield>
    <subfield code="a">BCEJYS</subfield>
    <subfield code="b">BCEJYS</subfield>
    <subfield code="c">13</subfield>
    <subfield code="d">1978-07-01</subfield>
    <subfield code="h">N&#xBA; 78 - jul./sep. 1978</subfield>
    <subfield code="l">0</subfield>
    <subfield code="o">H34 DER 78 Ej.2</subfield>
    <subfield code="p">R15061</subfield>
    <subfield code="r">2026-04-10 16:08:58</subfield>
    <subfield code="w">2026-04-10</subfield>
    <subfield code="y">RN</subfield>
  </datafield>
  <datafield tag="952" ind1=" " ind2=" ">
    <subfield code="0">0</subfield>
    <subfield code="1">0</subfield>
    <subfield code="4">0</subfield>
    <subfield code="7">0</subfield>
    <subfield code="a">BCEJYS</subfield>
    <subfield code="b">BCEJYS</subfield>
    <subfield code="c">13</subfield>
    <subfield code="d">1978-05-01</subfield>
    <subfield code="h">N&#xBA; 77 - may./jun, 1978</subfield>
    <subfield code="l">0</subfield>
    <subfield code="o">H34 DER 77</subfield>
    <subfield code="p">R15058</subfield>
    <subfield code="r">2026-04-10 16:08:58</subfield>
    <subfield code="w">2026-04-10</subfield>
    <subfield code="y">RN</subfield>
  </datafield>
  <datafield tag="952" ind1=" " ind2=" ">
    <subfield code="0">0</subfield>
    <subfield code="1">0</subfield>
    <subfield code="4">0</subfield>
    <subfield code="7">0</subfield>
    <subfield code="a">BCEJYS</subfield>
    <subfield code="b">BCEJYS</subfield>
    <subfield code="c">13</subfield>
    <subfield code="d">1978-05-01</subfield>
    <subfield code="h">N&#xBA; 77 - may./jun, 1978</subfield>
    <subfield code="l">0</subfield>
    <subfield code="o">H34 DER 77 Ej.2</subfield>
    <subfield code="p">R15059</subfield>
    <subfield code="r">2026-04-10 16:08:58</subfield>
    <subfield code="w">2026-04-10</subfield>
    <subfield code="y">RN</subfield>
  </datafield>
  <datafield tag="952" ind1=" " ind2=" ">
    <subfield code="0">0</subfield>
    <subfield code="1">0</subfield>
    <subfield code="4">0</subfield>
    <subfield code="7">0</subfield>
    <subfield code="a">BCEJYS</subfield>
    <subfield code="b">BCEJYS</subfield>
    <subfield code="c">13</subfield>
    <subfield code="d">1978-03-01</subfield>
    <subfield code="h">N&#xBA; 76 - mar./abr. 1978</subfield>
    <subfield code="l">0</subfield>
    <subfield code="o">H34 DER 76</subfield>
    <subfield code="p">R15055</subfield>
    <subfield code="r">2026-04-10 16:08:58</subfield>
    <subfield code="w">2026-04-10</subfield>
    <subfield code="y">RN</subfield>
  </datafield>
  <datafield tag="952" ind1=" " ind2=" ">
    <subfield code="0">0</subfield>
    <subfield code="1">0</subfield>
    <subfield code="4">0</subfield>
    <subfield code="7">0</subfield>
    <subfield code="a">BCEJYS</subfield>
    <subfield code="b">BCEJYS</subfield>
    <subfield code="c">13</subfield>
    <subfield code="d">1978-03-01</subfield>
    <subfield code="h">N&#xBA; 76 - mar./abr. 1978</subfield>
    <subfield code="l">0</subfield>
    <subfield code="o">H34 DER 76 Ej.2</subfield>
    <subfield code="p">R15056</subfield>
    <subfield code="r">2026-04-10 16:08:58</subfield>
    <subfield code="w">2026-04-10</subfield>
    <subfield code="y">RN</subfield>
  </datafield>
  <datafield tag="952" ind1=" " ind2=" ">
    <subfield code="0">0</subfield>
    <subfield code="1">0</subfield>
    <subfield code="4">0</subfield>
    <subfield code="7">0</subfield>
    <subfield code="a">BCEJYS</subfield>
    <subfield code="b">BCEJYS</subfield>
    <subfield code="c">13</subfield>
    <subfield code="d">1978-03-01</subfield>
    <subfield code="h">N&#xBA; 76 - mar./abr. 1978</subfield>
    <subfield code="l">0</subfield>
    <subfield code="o">H34 DER 76 Ej.3</subfield>
    <subfield code="p">R15057</subfield>
    <subfield code="r">2026-04-10 16:08:58</subfield>
    <subfield code="w">2026-04-10</subfield>
    <subfield code="y">RN</subfield>
  </datafield>
  <datafield tag="952" ind1=" " ind2=" ">
    <subfield code="0">0</subfield>
    <subfield code="1">0</subfield>
    <subfield code="4">0</subfield>
    <subfield code="7">0</subfield>
    <subfield code="a">BCEJYS</subfield>
    <subfield code="b">BCEJYS</subfield>
    <subfield code="c">13</subfield>
    <subfield code="d">1978-01-01</subfield>
    <subfield code="h">N&#xBA; 75 - ene./feb. 1978</subfield>
    <subfield code="l">0</subfield>
    <subfield code="o">H34 DER 75</subfield>
    <subfield code="p">R15053</subfield>
    <subfield code="r">2026-04-10 16:08:58</subfield>
    <subfield code="w">2026-04-10</subfield>
    <subfield code="y">RN</subfield>
  </datafield>
  <datafield tag="952" ind1=" " ind2=" ">
    <subfield code="0">0</subfield>
    <subfield code="1">0</subfield>
    <subfield code="4">0</subfield>
    <subfield code="7">0</subfield>
    <subfield code="a">BCEJYS</subfield>
    <subfield code="b">BCEJYS</subfield>
    <subfield code="c">13</subfield>
    <subfield code="d">1978-01-01</subfield>
    <subfield code="h">N&#xBA; 75 - ene./feb. 1978</subfield>
    <subfield code="l">0</subfield>
    <subfield code="o">H34 DER 75 Ej.2</subfield>
    <subfield code="p">R15054</subfield>
    <subfield code="r">2026-04-10 16:08:58</subfield>
    <subfield code="w">2026-04-10</subfield>
    <subfield code="y">RN</subfield>
  </datafield>
  <datafield tag="952" ind1=" " ind2=" ">
    <subfield code="0">0</subfield>
    <subfield code="1">0</subfield>
    <subfield code="4">0</subfield>
    <subfield code="7">0</subfield>
    <subfield code="a">BCEJYS</subfield>
    <subfield code="b">BCEJYS</subfield>
    <subfield code="c">13</subfield>
    <subfield code="d">1977-10-01</subfield>
    <subfield code="h">N&#xBA; 74 - nov./dic. 1977</subfield>
    <subfield code="l">0</subfield>
    <subfield code="o">H34 DER 74</subfield>
    <subfield code="p">R15051</subfield>
    <subfield code="r">2026-04-10 16:08:58</subfield>
    <subfield code="w">2026-04-10</subfield>
    <subfield code="y">RN</subfield>
  </datafield>
  <datafield tag="952" ind1=" " ind2=" ">
    <subfield code="0">0</subfield>
    <subfield code="1">0</subfield>
    <subfield code="4">0</subfield>
    <subfield code="7">0</subfield>
    <subfield code="a">BCEJYS</subfield>
    <subfield code="b">BCEJYS</subfield>
    <subfield code="c">13</subfield>
    <subfield code="d">1977-10-01</subfield>
    <subfield code="h">N&#xBA; 74 - nov./dic. 1977</subfield>
    <subfield code="l">0</subfield>
    <subfield code="o">H34 DER 74 Ej.2</subfield>
    <subfield code="p">R15052</subfield>
    <subfield code="r">2026-04-10 16:08:58</subfield>
    <subfield code="w">2026-04-10</subfield>
    <subfield code="y">RN</subfield>
  </datafield>
  <datafield tag="952" ind1=" " ind2=" ">
    <subfield code="0">0</subfield>
    <subfield code="1">0</subfield>
    <subfield code="4">0</subfield>
    <subfield code="7">0</subfield>
    <subfield code="a">BCEJYS</subfield>
    <subfield code="b">BCEJYS</subfield>
    <subfield code="c">13</subfield>
    <subfield code="d">1977-09-01</subfield>
    <subfield code="h">N&#xBA; 73 - sep./oct. 1977</subfield>
    <subfield code="l">0</subfield>
    <subfield code="o">H34 DER 73</subfield>
    <subfield code="p">R15049</subfield>
    <subfield code="r">2026-04-10 16:08:58</subfield>
    <subfield code="w">2026-04-10</subfield>
    <subfield code="y">RN</subfield>
  </datafield>
  <datafield tag="952" ind1=" " ind2=" ">
    <subfield code="0">0</subfield>
    <subfield code="1">0</subfield>
    <subfield code="4">0</subfield>
    <subfield code="7">0</subfield>
    <subfield code="a">BCEJYS</subfield>
    <subfield code="b">BCEJYS</subfield>
    <subfield code="c">13</subfield>
    <subfield code="d">1977-09-01</subfield>
    <subfield code="h">N&#xBA; 73 - sep./oct. 1977</subfield>
    <subfield code="l">0</subfield>
    <subfield code="o">H34 DER 73 Ej.2</subfield>
    <subfield code="p">R15050</subfield>
    <subfield code="r">2026-04-10 16:08:58</subfield>
    <subfield code="w">2026-04-10</subfield>
    <subfield code="y">RN</subfield>
  </datafield>
  <datafield tag="952" ind1=" " ind2=" ">
    <subfield code="0">0</subfield>
    <subfield code="1">0</subfield>
    <subfield code="4">0</subfield>
    <subfield code="7">0</subfield>
    <subfield code="a">BCEJYS</subfield>
    <subfield code="b">BCEJYS</subfield>
    <subfield code="c">13</subfield>
    <subfield code="d">1977-07-01</subfield>
    <subfield code="h">N&#xBA; 72 - jul./ago. 1977</subfield>
    <subfield code="l">0</subfield>
    <subfield code="o">H34 DER 72</subfield>
    <subfield code="p">R15047</subfield>
    <subfield code="r">2026-04-10 16:08:58</subfield>
    <subfield code="w">2026-04-10</subfield>
    <subfield code="y">RN</subfield>
  </datafield>
  <datafield tag="952" ind1=" " ind2=" ">
    <subfield code="0">0</subfield>
    <subfield code="1">0</subfield>
    <subfield code="4">0</subfield>
    <subfield code="7">0</subfield>
    <subfield code="a">BCEJYS</subfield>
    <subfield code="b">BCEJYS</subfield>
    <subfield code="c">13</subfield>
    <subfield code="d">1977-07-01</subfield>
    <subfield code="h">N&#xBA; 72 - jul./ago. 1977</subfield>
    <subfield code="l">0</subfield>
    <subfield code="o">H34 DER 72 Ej.2</subfield>
    <subfield code="p">R15048</subfield>
    <subfield code="r">2026-04-10 16:08:58</subfield>
    <subfield code="w">2026-04-10</subfield>
    <subfield code="y">RN</subfield>
  </datafield>
  <datafield tag="952" ind1=" " ind2=" ">
    <subfield code="0">0</subfield>
    <subfield code="1">0</subfield>
    <subfield code="4">0</subfield>
    <subfield code="7">0</subfield>
    <subfield code="a">BCEJYS</subfield>
    <subfield code="b">BCEJYS</subfield>
    <subfield code="c">13</subfield>
    <subfield code="d">1977-05-01</subfield>
    <subfield code="h">N&#xBA; 71 - mayo/jun. 1977</subfield>
    <subfield code="l">0</subfield>
    <subfield code="o">H34 DER 71</subfield>
    <subfield code="p">R15045</subfield>
    <subfield code="r">2026-04-10 16:08:58</subfield>
    <subfield code="w">2026-04-10</subfield>
    <subfield code="y">RN</subfield>
  </datafield>
  <datafield tag="952" ind1=" " ind2=" ">
    <subfield code="0">0</subfield>
    <subfield code="1">0</subfield>
    <subfield code="4">0</subfield>
    <subfield code="7">0</subfield>
    <subfield code="a">BCEJYS</subfield>
    <subfield code="b">BCEJYS</subfield>
    <subfield code="c">13</subfield>
    <subfield code="d">1977-05-01</subfield>
    <subfield code="h">N&#xBA; 71 - mayo/jun. 1977</subfield>
    <subfield code="l">0</subfield>
    <subfield code="o">H34 DER 71 Ej.2</subfield>
    <subfield code="p">R15046</subfield>
    <subfield code="r">2026-04-10 16:08:58</subfield>
    <subfield code="w">2026-04-10</subfield>
    <subfield code="y">RN</subfield>
  </datafield>
  <datafield tag="952" ind1=" " ind2=" ">
    <subfield code="0">0</subfield>
    <subfield code="1">0</subfield>
    <subfield code="4">0</subfield>
    <subfield code="7">0</subfield>
    <subfield code="a">BCEJYS</subfield>
    <subfield code="b">BCEJYS</subfield>
    <subfield code="c">13</subfield>
    <subfield code="d">1977-03-01</subfield>
    <subfield code="h">N&#xBA; 70 - mar./abr. 1977</subfield>
    <subfield code="l">0</subfield>
    <subfield code="o">H34 DER 70</subfield>
    <subfield code="p">R15043</subfield>
    <subfield code="r">2026-04-10 16:08:58</subfield>
    <subfield code="w">2026-04-10</subfield>
    <subfield code="y">RN</subfield>
  </datafield>
  <datafield tag="952" ind1=" " ind2=" ">
    <subfield code="0">0</subfield>
    <subfield code="1">0</subfield>
    <subfield code="4">0</subfield>
    <subfield code="7">0</subfield>
    <subfield code="a">BCEJYS</subfield>
    <subfield code="b">BCEJYS</subfield>
    <subfield code="c">13</subfield>
    <subfield code="d">1977-03-01</subfield>
    <subfield code="h">N&#xBA; 70 - mar./abr. 1977</subfield>
    <subfield code="l">0</subfield>
    <subfield code="o">H34 DER 70 Ej.2</subfield>
    <subfield code="p">R15044</subfield>
    <subfield code="r">2026-04-10 16:08:58</subfield>
    <subfield code="w">2026-04-10</subfield>
    <subfield code="y">RN</subfield>
  </datafield>
  <datafield tag="952" ind1=" " ind2=" ">
    <subfield code="0">0</subfield>
    <subfield code="1">0</subfield>
    <subfield code="4">0</subfield>
    <subfield code="7">0</subfield>
    <subfield code="a">BCEJYS</subfield>
    <subfield code="b">BCEJYS</subfield>
    <subfield code="c">13</subfield>
    <subfield code="d">1977-01-01</subfield>
    <subfield code="h">N&#xBA; 69 - ene./feb. 1977</subfield>
    <subfield code="l">0</subfield>
    <subfield code="o">H34 DER 69</subfield>
    <subfield code="p">R15041</subfield>
    <subfield code="r">2026-04-10 16:08:58</subfield>
    <subfield code="w">2026-04-10</subfield>
    <subfield code="y">RN</subfield>
  </datafield>
  <datafield tag="952" ind1=" " ind2=" ">
    <subfield code="0">0</subfield>
    <subfield code="1">0</subfield>
    <subfield code="4">0</subfield>
    <subfield code="7">0</subfield>
    <subfield code="a">BCEJYS</subfield>
    <subfield code="b">BCEJYS</subfield>
    <subfield code="c">13</subfield>
    <subfield code="d">1977-01-01</subfield>
    <subfield code="h">N&#xBA; 69 - ene./feb. 1977</subfield>
    <subfield code="l">0</subfield>
    <subfield code="o">H34 DER 69 Ej.2</subfield>
    <subfield code="p">R15042</subfield>
    <subfield code="r">2026-04-10 16:08:58</subfield>
    <subfield code="w">2026-04-10</subfield>
    <subfield code="y">RN</subfield>
  </datafield>
  <datafield tag="952" ind1=" " ind2=" ">
    <subfield code="0">0</subfield>
    <subfield code="1">0</subfield>
    <subfield code="4">0</subfield>
    <subfield code="7">0</subfield>
    <subfield code="a">BCEJYS</subfield>
    <subfield code="b">BCEJYS</subfield>
    <subfield code="c">13</subfield>
    <subfield code="d">1976-10-01</subfield>
    <subfield code="h">N&#xBA; 68 - oct./dic. 1976</subfield>
    <subfield code="l">0</subfield>
    <subfield code="o">H34 DER 68</subfield>
    <subfield code="p">R15039</subfield>
    <subfield code="r">2026-04-10 16:08:58</subfield>
    <subfield code="w">2026-04-10</subfield>
    <subfield code="y">RN</subfield>
  </datafield>
  <datafield tag="952" ind1=" " ind2=" ">
    <subfield code="0">0</subfield>
    <subfield code="1">0</subfield>
    <subfield code="4">0</subfield>
    <subfield code="7">0</subfield>
    <subfield code="a">BCEJYS</subfield>
    <subfield code="b">BCEJYS</subfield>
    <subfield code="c">13</subfield>
    <subfield code="d">1976-10-01</subfield>
    <subfield code="h">N&#xBA; 68 - oct./dic. 1976</subfield>
    <subfield code="l">0</subfield>
    <subfield code="o">H34 DER 68 Ej.2</subfield>
    <subfield code="p">R15040</subfield>
    <subfield code="r">2026-04-10 16:08:58</subfield>
    <subfield code="w">2026-04-10</subfield>
    <subfield code="y">RN</subfield>
  </datafield>
  <datafield tag="952" ind1=" " ind2=" ">
    <subfield code="0">0</subfield>
    <subfield code="1">0</subfield>
    <subfield code="4">0</subfield>
    <subfield code="7">0</subfield>
    <subfield code="a">BCEJYS</subfield>
    <subfield code="b">BCEJYS</subfield>
    <subfield code="c">13</subfield>
    <subfield code="d">1976-07-01</subfield>
    <subfield code="h">N&#xBA; 67 - jul./sep. 1976</subfield>
    <subfield code="l">0</subfield>
    <subfield code="o">H34 DER 67</subfield>
    <subfield code="p">R15037</subfield>
    <subfield code="r">2026-04-10 16:08:58</subfield>
    <subfield code="w">2026-04-10</subfield>
    <subfield code="y">RN</subfield>
  </datafield>
  <datafield tag="952" ind1=" " ind2=" ">
    <subfield code="0">0</subfield>
    <subfield code="1">0</subfield>
    <subfield code="4">0</subfield>
    <subfield code="7">0</subfield>
    <subfield code="a">BCEJYS</subfield>
    <subfield code="b">BCEJYS</subfield>
    <subfield code="c">13</subfield>
    <subfield code="d">1976-07-01</subfield>
    <subfield code="h">N&#xBA; 67 - jul./sep. 1976</subfield>
    <subfield code="l">0</subfield>
    <subfield code="o">H34 DER 67 Ej.2</subfield>
    <subfield code="p">R15038</subfield>
    <subfield code="r">2026-04-10 16:08:58</subfield>
    <subfield code="w">2026-04-10</subfield>
    <subfield code="y">RN</subfield>
  </datafield>
  <datafield tag="952" ind1=" " ind2=" ">
    <subfield code="0">0</subfield>
    <subfield code="1">0</subfield>
    <subfield code="4">0</subfield>
    <subfield code="7">0</subfield>
    <subfield code="a">BCEJYS</subfield>
    <subfield code="b">BCEJYS</subfield>
    <subfield code="c">13</subfield>
    <subfield code="d">1976-05-01</subfield>
    <subfield code="h">N&#xBA; 66 - mayo/jun. 1976</subfield>
    <subfield code="l">0</subfield>
    <subfield code="o">H34 DER 66</subfield>
    <subfield code="p">R15035</subfield>
    <subfield code="r">2026-04-10 16:08:58</subfield>
    <subfield code="w">2026-04-10</subfield>
    <subfield code="y">RN</subfield>
  </datafield>
  <datafield tag="952" ind1=" " ind2=" ">
    <subfield code="0">0</subfield>
    <subfield code="1">0</subfield>
    <subfield code="4">0</subfield>
    <subfield code="7">0</subfield>
    <subfield code="a">BCEJYS</subfield>
    <subfield code="b">BCEJYS</subfield>
    <subfield code="c">13</subfield>
    <subfield code="d">1976-05-01</subfield>
    <subfield code="h">N&#xBA; 66 - mayo/jun. 1976</subfield>
    <subfield code="l">0</subfield>
    <subfield code="o">H34 DER 66 Ej.2</subfield>
    <subfield code="p">R15036</subfield>
    <subfield code="r">2026-04-10 16:08:58</subfield>
    <subfield code="w">2026-04-10</subfield>
    <subfield code="y">RN</subfield>
  </datafield>
  <datafield tag="952" ind1=" " ind2=" ">
    <subfield code="0">0</subfield>
    <subfield code="1">0</subfield>
    <subfield code="4">0</subfield>
    <subfield code="7">0</subfield>
    <subfield code="a">BCEJYS</subfield>
    <subfield code="b">BCEJYS</subfield>
    <subfield code="c">13</subfield>
    <subfield code="d">1976-03-01</subfield>
    <subfield code="h">N&#xBA; 65 - mar./abr. 1976</subfield>
    <subfield code="l">0</subfield>
    <subfield code="o">H34 DER 65</subfield>
    <subfield code="p">R15033</subfield>
    <subfield code="r">2026-04-10 16:08:58</subfield>
    <subfield code="w">2026-04-10</subfield>
    <subfield code="y">RN</subfield>
  </datafield>
  <datafield tag="952" ind1=" " ind2=" ">
    <subfield code="0">0</subfield>
    <subfield code="1">0</subfield>
    <subfield code="4">0</subfield>
    <subfield code="7">0</subfield>
    <subfield code="a">BCEJYS</subfield>
    <subfield code="b">BCEJYS</subfield>
    <subfield code="c">13</subfield>
    <subfield code="d">1976-03-01</subfield>
    <subfield code="h">N&#xBA; 65 - mar./abr. 1976</subfield>
    <subfield code="l">0</subfield>
    <subfield code="o">H34 DER 65 Ej.2</subfield>
    <subfield code="p">R15034</subfield>
    <subfield code="r">2026-04-10 16:08:58</subfield>
    <subfield code="w">2026-04-10</subfield>
    <subfield code="y">RN</subfield>
  </datafield>
  <datafield tag="952" ind1=" " ind2=" ">
    <subfield code="0">0</subfield>
    <subfield code="1">0</subfield>
    <subfield code="4">0</subfield>
    <subfield code="7">0</subfield>
    <subfield code="a">BCEJYS</subfield>
    <subfield code="b">BCEJYS</subfield>
    <subfield code="c">13</subfield>
    <subfield code="d">1976-01-01</subfield>
    <subfield code="h">N&#xBA; 64 - ene./feb. 1976</subfield>
    <subfield code="l">0</subfield>
    <subfield code="o">H34 DER 64</subfield>
    <subfield code="p">R15031</subfield>
    <subfield code="r">2026-04-10 16:08:58</subfield>
    <subfield code="w">2026-04-10</subfield>
    <subfield code="y">RN</subfield>
  </datafield>
  <datafield tag="952" ind1=" " ind2=" ">
    <subfield code="0">0</subfield>
    <subfield code="1">0</subfield>
    <subfield code="4">0</subfield>
    <subfield code="7">0</subfield>
    <subfield code="a">BCEJYS</subfield>
    <subfield code="b">BCEJYS</subfield>
    <subfield code="c">13</subfield>
    <subfield code="d">1976-01-01</subfield>
    <subfield code="h">N&#xBA; 64 - ene./feb. 1976</subfield>
    <subfield code="l">0</subfield>
    <subfield code="o">H34 DER 64 Ej.2</subfield>
    <subfield code="p">R15032</subfield>
    <subfield code="r">2026-04-10 16:08:58</subfield>
    <subfield code="w">2026-04-10</subfield>
    <subfield code="y">RN</subfield>
  </datafield>
  <datafield tag="952" ind1=" " ind2=" ">
    <subfield code="0">0</subfield>
    <subfield code="1">0</subfield>
    <subfield code="4">0</subfield>
    <subfield code="7">0</subfield>
    <subfield code="a">BCEJYS</subfield>
    <subfield code="b">BCEJYS</subfield>
    <subfield code="c">13</subfield>
    <subfield code="d">1975-12-01</subfield>
    <subfield code="h">N&#xBA; 63 - dic. 1975</subfield>
    <subfield code="l">0</subfield>
    <subfield code="o">H34 DER 63</subfield>
    <subfield code="p">R15029</subfield>
    <subfield code="r">2026-04-10 16:08:58</subfield>
    <subfield code="w">2026-04-10</subfield>
    <subfield code="y">RN</subfield>
  </datafield>
  <datafield tag="952" ind1=" " ind2=" ">
    <subfield code="0">0</subfield>
    <subfield code="1">0</subfield>
    <subfield code="4">0</subfield>
    <subfield code="7">0</subfield>
    <subfield code="a">BCEJYS</subfield>
    <subfield code="b">BCEJYS</subfield>
    <subfield code="c">13</subfield>
    <subfield code="d">1975-12-01</subfield>
    <subfield code="h">N&#xBA; 63 - dic. 1975</subfield>
    <subfield code="l">0</subfield>
    <subfield code="o">H34 DER 63 Ej.2</subfield>
    <subfield code="p">R15030</subfield>
    <subfield code="r">2026-04-10 16:08:58</subfield>
    <subfield code="w">2026-04-10</subfield>
    <subfield code="y">RN</subfield>
  </datafield>
  <datafield tag="952" ind1=" " ind2=" ">
    <subfield code="0">0</subfield>
    <subfield code="1">0</subfield>
    <subfield code="4">0</subfield>
    <subfield code="7">0</subfield>
    <subfield code="a">BCEJYS</subfield>
    <subfield code="b">BCEJYS</subfield>
    <subfield code="c">13</subfield>
    <subfield code="d">1975-11-01</subfield>
    <subfield code="h">N&#xBA; 62 - nov. 1975</subfield>
    <subfield code="l">0</subfield>
    <subfield code="o">H34 DER 62</subfield>
    <subfield code="p">R15028</subfield>
    <subfield code="r">2026-04-10 16:08:58</subfield>
    <subfield code="w">2026-04-10</subfield>
    <subfield code="y">RN</subfield>
  </datafield>
  <datafield tag="952" ind1=" " ind2=" ">
    <subfield code="0">0</subfield>
    <subfield code="1">0</subfield>
    <subfield code="4">0</subfield>
    <subfield code="7">0</subfield>
    <subfield code="a">BCEJYS</subfield>
    <subfield code="b">BCEJYS</subfield>
    <subfield code="c">13</subfield>
    <subfield code="d">1975-10-01</subfield>
    <subfield code="h">N&#xBA; 61 - oct. 1975</subfield>
    <subfield code="l">0</subfield>
    <subfield code="o">H34 DER 61</subfield>
    <subfield code="p">R15027</subfield>
    <subfield code="r">2026-04-10 16:08:58</subfield>
    <subfield code="w">2026-04-10</subfield>
    <subfield code="y">RN</subfield>
  </datafield>
  <datafield tag="952" ind1=" " ind2=" ">
    <subfield code="0">0</subfield>
    <subfield code="1">0</subfield>
    <subfield code="4">0</subfield>
    <subfield code="7">0</subfield>
    <subfield code="a">BCEJYS</subfield>
    <subfield code="b">BCEJYS</subfield>
    <subfield code="c">13</subfield>
    <subfield code="d">1975-08-01</subfield>
    <subfield code="h">N&#xBA; 60 - ago./sep. 1975</subfield>
    <subfield code="l">0</subfield>
    <subfield code="o">H34 DER 60</subfield>
    <subfield code="p">R15026</subfield>
    <subfield code="r">2026-04-10 16:08:58</subfield>
    <subfield code="w">2026-04-10</subfield>
    <subfield code="y">RN</subfield>
  </datafield>
  <datafield tag="952" ind1=" " ind2=" ">
    <subfield code="0">0</subfield>
    <subfield code="1">0</subfield>
    <subfield code="4">0</subfield>
    <subfield code="7">0</subfield>
    <subfield code="a">BCEJYS</subfield>
    <subfield code="b">BCEJYS</subfield>
    <subfield code="c">13</subfield>
    <subfield code="d">1975-06-01</subfield>
    <subfield code="h">N&#xBA; 59 - jun./jul. 1975</subfield>
    <subfield code="l">0</subfield>
    <subfield code="o">H34 DER 59</subfield>
    <subfield code="p">R15024</subfield>
    <subfield code="r">2026-04-10 16:08:58</subfield>
    <subfield code="w">2026-04-10</subfield>
    <subfield code="y">RN</subfield>
  </datafield>
  <datafield tag="952" ind1=" " ind2=" ">
    <subfield code="0">0</subfield>
    <subfield code="1">0</subfield>
    <subfield code="4">0</subfield>
    <subfield code="7">0</subfield>
    <subfield code="a">BCEJYS</subfield>
    <subfield code="b">BCEJYS</subfield>
    <subfield code="c">13</subfield>
    <subfield code="d">1975-06-01</subfield>
    <subfield code="h">N&#xBA; 59 - jun./jul. 1975</subfield>
    <subfield code="l">0</subfield>
    <subfield code="o">H34 DER 59 Ej.2</subfield>
    <subfield code="p">R15025</subfield>
    <subfield code="r">2026-04-10 16:08:58</subfield>
    <subfield code="w">2026-04-10</subfield>
    <subfield code="y">RN</subfield>
  </datafield>
  <datafield tag="952" ind1=" " ind2=" ">
    <subfield code="0">0</subfield>
    <subfield code="1">0</subfield>
    <subfield code="4">0</subfield>
    <subfield code="7">0</subfield>
    <subfield code="a">BCEJYS</subfield>
    <subfield code="b">BCEJYS</subfield>
    <subfield code="c">13</subfield>
    <subfield code="d">1975-03-01</subfield>
    <subfield code="h">N&#xBA; 58 - mar./abr. 1975</subfield>
    <subfield code="l">0</subfield>
    <subfield code="o">H34 DER 58</subfield>
    <subfield code="p">R15022</subfield>
    <subfield code="r">2026-04-10 16:08:58</subfield>
    <subfield code="w">2026-04-10</subfield>
    <subfield code="y">RN</subfield>
  </datafield>
  <datafield tag="952" ind1=" " ind2=" ">
    <subfield code="0">0</subfield>
    <subfield code="1">0</subfield>
    <subfield code="4">0</subfield>
    <subfield code="7">0</subfield>
    <subfield code="a">BCEJYS</subfield>
    <subfield code="b">BCEJYS</subfield>
    <subfield code="c">13</subfield>
    <subfield code="d">1975-03-01</subfield>
    <subfield code="h">N&#xBA; 58 - mar./abr. 1975</subfield>
    <subfield code="l">0</subfield>
    <subfield code="o">H34 DER 58 Ej.2</subfield>
    <subfield code="p">R15023</subfield>
    <subfield code="r">2026-04-10 16:08:58</subfield>
    <subfield code="w">2026-04-10</subfield>
    <subfield code="y">RN</subfield>
  </datafield>
  <datafield tag="952" ind1=" " ind2=" ">
    <subfield code="0">0</subfield>
    <subfield code="1">0</subfield>
    <subfield code="4">0</subfield>
    <subfield code="7">0</subfield>
    <subfield code="a">BCEJYS</subfield>
    <subfield code="b">BCEJYS</subfield>
    <subfield code="c">13</subfield>
    <subfield code="d">1975-01-01</subfield>
    <subfield code="h">N&#xBA; 57 - ene./feb. 1975</subfield>
    <subfield code="l">0</subfield>
    <subfield code="o">H34 DER 57</subfield>
    <subfield code="p">R15020</subfield>
    <subfield code="r">2026-04-10 16:08:58</subfield>
    <subfield code="w">2026-04-10</subfield>
    <subfield code="y">RN</subfield>
  </datafield>
  <datafield tag="952" ind1=" " ind2=" ">
    <subfield code="0">0</subfield>
    <subfield code="1">0</subfield>
    <subfield code="4">0</subfield>
    <subfield code="7">0</subfield>
    <subfield code="a">BCEJYS</subfield>
    <subfield code="b">BCEJYS</subfield>
    <subfield code="c">13</subfield>
    <subfield code="d">1975-01-01</subfield>
    <subfield code="h">N&#xBA; 57 - ene./feb. 1975</subfield>
    <subfield code="l">0</subfield>
    <subfield code="o">H34 DER 57 Ej.2</subfield>
    <subfield code="p">R15021</subfield>
    <subfield code="r">2026-04-10 16:08:58</subfield>
    <subfield code="w">2026-04-10</subfield>
    <subfield code="y">RN</subfield>
  </datafield>
  <datafield tag="952" ind1=" " ind2=" ">
    <subfield code="0">0</subfield>
    <subfield code="1">0</subfield>
    <subfield code="4">0</subfield>
    <subfield code="7">0</subfield>
    <subfield code="a">BCEJYS</subfield>
    <subfield code="b">BCEJYS</subfield>
    <subfield code="c">13</subfield>
    <subfield code="d">1974-11-01</subfield>
    <subfield code="h">N&#xBA; 56 - nov./dic. 1974</subfield>
    <subfield code="l">0</subfield>
    <subfield code="o">H34 DER 56</subfield>
    <subfield code="p">R15018</subfield>
    <subfield code="r">2026-04-10 16:08:58</subfield>
    <subfield code="w">2026-04-10</subfield>
    <subfield code="y">RN</subfield>
  </datafield>
  <datafield tag="952" ind1=" " ind2=" ">
    <subfield code="0">0</subfield>
    <subfield code="1">0</subfield>
    <subfield code="4">0</subfield>
    <subfield code="7">0</subfield>
    <subfield code="a">BCEJYS</subfield>
    <subfield code="b">BCEJYS</subfield>
    <subfield code="c">13</subfield>
    <subfield code="d">1974-11-01</subfield>
    <subfield code="h">N&#xBA; 56 - nov./dic. 1974</subfield>
    <subfield code="l">0</subfield>
    <subfield code="o">H34 DER 56 Ej.2</subfield>
    <subfield code="p">R15019</subfield>
    <subfield code="r">2026-04-10 16:08:58</subfield>
    <subfield code="w">2026-04-10</subfield>
    <subfield code="y">RN</subfield>
  </datafield>
  <datafield tag="952" ind1=" " ind2=" ">
    <subfield code="0">0</subfield>
    <subfield code="1">0</subfield>
    <subfield code="4">0</subfield>
    <subfield code="7">0</subfield>
    <subfield code="a">BCEJYS</subfield>
    <subfield code="b">BCEJYS</subfield>
    <subfield code="c">13</subfield>
    <subfield code="d">1974-09-01</subfield>
    <subfield code="h">N&#xBA; 55 - sep./oct. 1974</subfield>
    <subfield code="l">0</subfield>
    <subfield code="o">H34 DER 55</subfield>
    <subfield code="p">R15016</subfield>
    <subfield code="r">2026-04-10 16:08:58</subfield>
    <subfield code="w">2026-04-10</subfield>
    <subfield code="y">RN</subfield>
  </datafield>
  <datafield tag="952" ind1=" " ind2=" ">
    <subfield code="0">0</subfield>
    <subfield code="1">0</subfield>
    <subfield code="4">0</subfield>
    <subfield code="7">0</subfield>
    <subfield code="a">BCEJYS</subfield>
    <subfield code="b">BCEJYS</subfield>
    <subfield code="c">13</subfield>
    <subfield code="d">1974-09-01</subfield>
    <subfield code="h">N&#xBA; 55 - sep./oct. 1974</subfield>
    <subfield code="l">0</subfield>
    <subfield code="o">H34 DER 55 Ej.2</subfield>
    <subfield code="p">R15017</subfield>
    <subfield code="r">2026-04-10 16:08:58</subfield>
    <subfield code="w">2026-04-10</subfield>
    <subfield code="y">RN</subfield>
  </datafield>
  <datafield tag="952" ind1=" " ind2=" ">
    <subfield code="0">0</subfield>
    <subfield code="1">0</subfield>
    <subfield code="4">0</subfield>
    <subfield code="7">0</subfield>
    <subfield code="a">BCEJYS</subfield>
    <subfield code="b">BCEJYS</subfield>
    <subfield code="c">13</subfield>
    <subfield code="d">1974-07-01</subfield>
    <subfield code="h">N&#xBA; 54 - jul./sep. 1974</subfield>
    <subfield code="l">0</subfield>
    <subfield code="o">H34 DER 54</subfield>
    <subfield code="p">R15014</subfield>
    <subfield code="r">2026-04-10 16:08:58</subfield>
    <subfield code="w">2026-04-10</subfield>
    <subfield code="y">RN</subfield>
  </datafield>
  <datafield tag="952" ind1=" " ind2=" ">
    <subfield code="0">0</subfield>
    <subfield code="1">0</subfield>
    <subfield code="4">0</subfield>
    <subfield code="7">0</subfield>
    <subfield code="a">BCEJYS</subfield>
    <subfield code="b">BCEJYS</subfield>
    <subfield code="c">13</subfield>
    <subfield code="d">1974-07-01</subfield>
    <subfield code="h">N&#xBA; 54 - jul./sep. 1974</subfield>
    <subfield code="l">0</subfield>
    <subfield code="o">H34 DER 54 Ej.2</subfield>
    <subfield code="p">R15015</subfield>
    <subfield code="r">2026-04-10 16:08:58</subfield>
    <subfield code="w">2026-04-10</subfield>
    <subfield code="y">RN</subfield>
  </datafield>
  <datafield tag="952" ind1=" " ind2=" ">
    <subfield code="0">0</subfield>
    <subfield code="1">0</subfield>
    <subfield code="4">0</subfield>
    <subfield code="7">0</subfield>
    <subfield code="a">BCEJYS</subfield>
    <subfield code="b">BCEJYS</subfield>
    <subfield code="c">13</subfield>
    <subfield code="d">1974-05-01</subfield>
    <subfield code="h">N&#xBA; 53 - mayo/jun. 1974</subfield>
    <subfield code="l">0</subfield>
    <subfield code="o">H34 DER 53</subfield>
    <subfield code="p">R15012</subfield>
    <subfield code="r">2026-04-10 16:08:58</subfield>
    <subfield code="w">2026-04-10</subfield>
    <subfield code="y">RN</subfield>
  </datafield>
  <datafield tag="952" ind1=" " ind2=" ">
    <subfield code="0">0</subfield>
    <subfield code="1">0</subfield>
    <subfield code="4">0</subfield>
    <subfield code="7">0</subfield>
    <subfield code="a">BCEJYS</subfield>
    <subfield code="b">BCEJYS</subfield>
    <subfield code="c">13</subfield>
    <subfield code="d">1974-05-01</subfield>
    <subfield code="h">N&#xBA; 53 - mayo/jun. 1974</subfield>
    <subfield code="l">0</subfield>
    <subfield code="o">H34 DER 53 Ej.2</subfield>
    <subfield code="p">R15013</subfield>
    <subfield code="r">2026-04-10 16:08:58</subfield>
    <subfield code="w">2026-04-10</subfield>
    <subfield code="y">RN</subfield>
  </datafield>
  <datafield tag="952" ind1=" " ind2=" ">
    <subfield code="0">0</subfield>
    <subfield code="1">0</subfield>
    <subfield code="4">0</subfield>
    <subfield code="7">0</subfield>
    <subfield code="a">BCEJYS</subfield>
    <subfield code="b">BCEJYS</subfield>
    <subfield code="c">13</subfield>
    <subfield code="d">1974-03-01</subfield>
    <subfield code="h">N&#xBA; 52 - mar./abr. 1974</subfield>
    <subfield code="l">0</subfield>
    <subfield code="o">H34 DER 52</subfield>
    <subfield code="p">R15010</subfield>
    <subfield code="r">2026-04-10 16:08:58</subfield>
    <subfield code="w">2026-04-10</subfield>
    <subfield code="y">RN</subfield>
  </datafield>
  <datafield tag="952" ind1=" " ind2=" ">
    <subfield code="0">0</subfield>
    <subfield code="1">0</subfield>
    <subfield code="4">0</subfield>
    <subfield code="7">0</subfield>
    <subfield code="a">BCEJYS</subfield>
    <subfield code="b">BCEJYS</subfield>
    <subfield code="c">13</subfield>
    <subfield code="d">1974-03-01</subfield>
    <subfield code="h">N&#xBA; 52 - mar./abr. 1974</subfield>
    <subfield code="l">0</subfield>
    <subfield code="o">H34 DER 52 Ej.2</subfield>
    <subfield code="p">R15011</subfield>
    <subfield code="r">2026-04-10 16:08:58</subfield>
    <subfield code="w">2026-04-10</subfield>
    <subfield code="y">RN</subfield>
  </datafield>
  <datafield tag="952" ind1=" " ind2=" ">
    <subfield code="0">0</subfield>
    <subfield code="1">0</subfield>
    <subfield code="4">0</subfield>
    <subfield code="7">0</subfield>
    <subfield code="a">BCEJYS</subfield>
    <subfield code="b">BCEJYS</subfield>
    <subfield code="c">13</subfield>
    <subfield code="d">1974-01-01</subfield>
    <subfield code="h">N&#xBA; 51 - ene./feb. 1974</subfield>
    <subfield code="l">0</subfield>
    <subfield code="o">H34 DER 51</subfield>
    <subfield code="p">R15008</subfield>
    <subfield code="r">2026-04-10 16:08:58</subfield>
    <subfield code="w">2026-04-10</subfield>
    <subfield code="y">RN</subfield>
  </datafield>
  <datafield tag="952" ind1=" " ind2=" ">
    <subfield code="0">0</subfield>
    <subfield code="1">0</subfield>
    <subfield code="4">0</subfield>
    <subfield code="7">0</subfield>
    <subfield code="a">BCEJYS</subfield>
    <subfield code="b">BCEJYS</subfield>
    <subfield code="c">13</subfield>
    <subfield code="d">1974-01-01</subfield>
    <subfield code="h">N&#xBA; 51 - ene./feb. 1974</subfield>
    <subfield code="l">0</subfield>
    <subfield code="o">H34 DER 51 Ej.2</subfield>
    <subfield code="p">R15009</subfield>
    <subfield code="r">2026-04-10 16:08:58</subfield>
    <subfield code="w">2026-04-10</subfield>
    <subfield code="y">RN</subfield>
  </datafield>
  <datafield tag="952" ind1=" " ind2=" ">
    <subfield code="0">0</subfield>
    <subfield code="1">0</subfield>
    <subfield code="4">0</subfield>
    <subfield code="7">0</subfield>
    <subfield code="a">BCEJYS</subfield>
    <subfield code="b">BCEJYS</subfield>
    <subfield code="c">13</subfield>
    <subfield code="d">1973-11-01</subfield>
    <subfield code="h">N&#xBA; 50 - nov./dic. 1973</subfield>
    <subfield code="l">0</subfield>
    <subfield code="o">H34 DER 50</subfield>
    <subfield code="p">R14961</subfield>
    <subfield code="r">2026-04-10 16:08:58</subfield>
    <subfield code="w">2026-04-10</subfield>
    <subfield code="y">RN</subfield>
  </datafield>
  <datafield tag="952" ind1=" " ind2=" ">
    <subfield code="0">0</subfield>
    <subfield code="1">0</subfield>
    <subfield code="4">0</subfield>
    <subfield code="7">0</subfield>
    <subfield code="a">BCEJYS</subfield>
    <subfield code="b">BCEJYS</subfield>
    <subfield code="c">13</subfield>
    <subfield code="d">1973-11-01</subfield>
    <subfield code="h">N&#xBA; 50 - nov./dic. 1973</subfield>
    <subfield code="l">0</subfield>
    <subfield code="o">H34 DER 50 Ej.2</subfield>
    <subfield code="p">R14962</subfield>
    <subfield code="r">2026-04-10 16:08:58</subfield>
    <subfield code="w">2026-04-10</subfield>
    <subfield code="y">RN</subfield>
  </datafield>
  <datafield tag="952" ind1=" " ind2=" ">
    <subfield code="0">0</subfield>
    <subfield code="1">0</subfield>
    <subfield code="4">0</subfield>
    <subfield code="7">0</subfield>
    <subfield code="a">BCEJYS</subfield>
    <subfield code="b">BCEJYS</subfield>
    <subfield code="c">13</subfield>
    <subfield code="d">1973-09-01</subfield>
    <subfield code="h">N&#xBA; 49 - sep./oct. 1973</subfield>
    <subfield code="l">0</subfield>
    <subfield code="o">H34 DER 49</subfield>
    <subfield code="p">R14959</subfield>
    <subfield code="r">2026-04-10 16:08:58</subfield>
    <subfield code="w">2026-04-10</subfield>
    <subfield code="y">RN</subfield>
  </datafield>
  <datafield tag="952" ind1=" " ind2=" ">
    <subfield code="0">0</subfield>
    <subfield code="1">0</subfield>
    <subfield code="4">0</subfield>
    <subfield code="7">0</subfield>
    <subfield code="a">BCEJYS</subfield>
    <subfield code="b">BCEJYS</subfield>
    <subfield code="c">13</subfield>
    <subfield code="d">1973-09-01</subfield>
    <subfield code="h">N&#xBA; 49 - sep./oct. 1973</subfield>
    <subfield code="l">0</subfield>
    <subfield code="o">H34 DER 49 Ej.2</subfield>
    <subfield code="p">R14960</subfield>
    <subfield code="r">2026-04-10 16:08:58</subfield>
    <subfield code="w">2026-04-10</subfield>
    <subfield code="y">RN</subfield>
  </datafield>
  <datafield tag="952" ind1=" " ind2=" ">
    <subfield code="0">0</subfield>
    <subfield code="1">0</subfield>
    <subfield code="4">0</subfield>
    <subfield code="7">0</subfield>
    <subfield code="a">BCEJYS</subfield>
    <subfield code="b">BCEJYS</subfield>
    <subfield code="c">13</subfield>
    <subfield code="d">1973-07-01</subfield>
    <subfield code="h">N&#xBA; 48 - jul./ago. 1973</subfield>
    <subfield code="l">0</subfield>
    <subfield code="o">H34 DER 48</subfield>
    <subfield code="p">R14957</subfield>
    <subfield code="r">2026-04-10 16:08:58</subfield>
    <subfield code="w">2026-04-10</subfield>
    <subfield code="y">RN</subfield>
  </datafield>
  <datafield tag="952" ind1=" " ind2=" ">
    <subfield code="0">0</subfield>
    <subfield code="1">0</subfield>
    <subfield code="4">0</subfield>
    <subfield code="7">0</subfield>
    <subfield code="a">BCEJYS</subfield>
    <subfield code="b">BCEJYS</subfield>
    <subfield code="c">13</subfield>
    <subfield code="d">1973-07-01</subfield>
    <subfield code="h">N&#xBA; 48 - jul./ago. 1973</subfield>
    <subfield code="l">0</subfield>
    <subfield code="o">H34 DER 48 Ej.2</subfield>
    <subfield code="p">R14958</subfield>
    <subfield code="r">2026-04-10 16:08:58</subfield>
    <subfield code="w">2026-04-10</subfield>
    <subfield code="y">RN</subfield>
  </datafield>
  <datafield tag="952" ind1=" " ind2=" ">
    <subfield code="0">0</subfield>
    <subfield code="1">0</subfield>
    <subfield code="4">0</subfield>
    <subfield code="7">0</subfield>
    <subfield code="a">BCEJYS</subfield>
    <subfield code="b">BCEJYS</subfield>
    <subfield code="c">13</subfield>
    <subfield code="d">1973-05-01</subfield>
    <subfield code="h">N&#xBA; 47 - mayo/jun. 1973</subfield>
    <subfield code="l">0</subfield>
    <subfield code="o">H34 DER 47</subfield>
    <subfield code="p">R14955</subfield>
    <subfield code="r">2026-04-10 16:08:58</subfield>
    <subfield code="w">2026-04-10</subfield>
    <subfield code="y">RN</subfield>
  </datafield>
  <datafield tag="952" ind1=" " ind2=" ">
    <subfield code="0">0</subfield>
    <subfield code="1">0</subfield>
    <subfield code="4">0</subfield>
    <subfield code="7">0</subfield>
    <subfield code="a">BCEJYS</subfield>
    <subfield code="b">BCEJYS</subfield>
    <subfield code="c">13</subfield>
    <subfield code="d">1973-05-01</subfield>
    <subfield code="h">N&#xBA; 47 - mayo/jun. 1973</subfield>
    <subfield code="l">0</subfield>
    <subfield code="o">H34 DER 47 Ej.2</subfield>
    <subfield code="p">R14956</subfield>
    <subfield code="r">2026-04-10 16:08:58</subfield>
    <subfield code="w">2026-04-10</subfield>
    <subfield code="y">RN</subfield>
  </datafield>
  <datafield tag="952" ind1=" " ind2=" ">
    <subfield code="0">0</subfield>
    <subfield code="1">0</subfield>
    <subfield code="4">0</subfield>
    <subfield code="7">0</subfield>
    <subfield code="a">BCEJYS</subfield>
    <subfield code="b">BCEJYS</subfield>
    <subfield code="c">13</subfield>
    <subfield code="d">1973-03-01</subfield>
    <subfield code="h">N&#xBA; 46 - mar./abr. 1973</subfield>
    <subfield code="l">0</subfield>
    <subfield code="o">H34 DER 46</subfield>
    <subfield code="p">R14953</subfield>
    <subfield code="r">2026-04-10 16:08:59</subfield>
    <subfield code="w">2026-04-10</subfield>
    <subfield code="y">RN</subfield>
  </datafield>
  <datafield tag="952" ind1=" " ind2=" ">
    <subfield code="0">0</subfield>
    <subfield code="1">0</subfield>
    <subfield code="4">0</subfield>
    <subfield code="7">0</subfield>
    <subfield code="a">BCEJYS</subfield>
    <subfield code="b">BCEJYS</subfield>
    <subfield code="c">13</subfield>
    <subfield code="d">1973-03-01</subfield>
    <subfield code="h">N&#xBA; 46 - mar./abr. 1973</subfield>
    <subfield code="l">0</subfield>
    <subfield code="o">H34 DER 46 Ej.2</subfield>
    <subfield code="p">R14954</subfield>
    <subfield code="r">2026-04-10 16:08:59</subfield>
    <subfield code="w">2026-04-10</subfield>
    <subfield code="y">RN</subfield>
  </datafield>
  <datafield tag="952" ind1=" " ind2=" ">
    <subfield code="0">0</subfield>
    <subfield code="1">0</subfield>
    <subfield code="4">0</subfield>
    <subfield code="7">0</subfield>
    <subfield code="a">BCEJYS</subfield>
    <subfield code="b">BCEJYS</subfield>
    <subfield code="c">13</subfield>
    <subfield code="d">1973-01-01</subfield>
    <subfield code="h">N&#xBA; 45 - ene./feb. 1973</subfield>
    <subfield code="l">0</subfield>
    <subfield code="o">H34 DER 45</subfield>
    <subfield code="p">R14951</subfield>
    <subfield code="r">2026-04-10 16:08:59</subfield>
    <subfield code="w">2026-04-10</subfield>
    <subfield code="y">RN</subfield>
  </datafield>
  <datafield tag="952" ind1=" " ind2=" ">
    <subfield code="0">0</subfield>
    <subfield code="1">0</subfield>
    <subfield code="4">0</subfield>
    <subfield code="7">0</subfield>
    <subfield code="a">BCEJYS</subfield>
    <subfield code="b">BCEJYS</subfield>
    <subfield code="c">13</subfield>
    <subfield code="d">1973-01-01</subfield>
    <subfield code="h">N&#xBA; 45 - ene./feb. 1973</subfield>
    <subfield code="l">0</subfield>
    <subfield code="o">H34 DER 45 Ej.2</subfield>
    <subfield code="p">R14952</subfield>
    <subfield code="r">2026-04-10 16:08:59</subfield>
    <subfield code="w">2026-04-10</subfield>
    <subfield code="y">RN</subfield>
  </datafield>
  <datafield tag="952" ind1=" " ind2=" ">
    <subfield code="0">0</subfield>
    <subfield code="1">0</subfield>
    <subfield code="4">0</subfield>
    <subfield code="7">0</subfield>
    <subfield code="a">BCEJYS</subfield>
    <subfield code="b">BCEJYS</subfield>
    <subfield code="c">13</subfield>
    <subfield code="d">1972-11-01</subfield>
    <subfield code="h">N&#xBA; 44 - nov./dic. 1972</subfield>
    <subfield code="l">0</subfield>
    <subfield code="o">H34 DER 44</subfield>
    <subfield code="p">R14948</subfield>
    <subfield code="r">2026-04-10 16:08:59</subfield>
    <subfield code="w">2026-04-10</subfield>
    <subfield code="y">RN</subfield>
  </datafield>
  <datafield tag="952" ind1=" " ind2=" ">
    <subfield code="0">0</subfield>
    <subfield code="1">0</subfield>
    <subfield code="4">0</subfield>
    <subfield code="7">0</subfield>
    <subfield code="a">BCEJYS</subfield>
    <subfield code="b">BCEJYS</subfield>
    <subfield code="c">13</subfield>
    <subfield code="d">1972-11-01</subfield>
    <subfield code="h">N&#xBA; 44 - nov./dic. 1972</subfield>
    <subfield code="l">0</subfield>
    <subfield code="o">H34 DER 44 Ej.2</subfield>
    <subfield code="p">R14949</subfield>
    <subfield code="r">2026-04-10 16:08:59</subfield>
    <subfield code="w">2026-04-10</subfield>
    <subfield code="y">RN</subfield>
  </datafield>
  <datafield tag="952" ind1=" " ind2=" ">
    <subfield code="0">0</subfield>
    <subfield code="1">0</subfield>
    <subfield code="4">0</subfield>
    <subfield code="7">0</subfield>
    <subfield code="a">BCEJYS</subfield>
    <subfield code="b">BCEJYS</subfield>
    <subfield code="c">13</subfield>
    <subfield code="d">1972-08-01</subfield>
    <subfield code="h">N&#xBA; 43 - ago./oct. 1972</subfield>
    <subfield code="l">0</subfield>
    <subfield code="o">H34 DER 43</subfield>
    <subfield code="p">R14946</subfield>
    <subfield code="r">2026-04-10 16:08:59</subfield>
    <subfield code="w">2026-04-10</subfield>
    <subfield code="y">RN</subfield>
  </datafield>
  <datafield tag="952" ind1=" " ind2=" ">
    <subfield code="0">0</subfield>
    <subfield code="1">0</subfield>
    <subfield code="4">0</subfield>
    <subfield code="7">0</subfield>
    <subfield code="a">BCEJYS</subfield>
    <subfield code="b">BCEJYS</subfield>
    <subfield code="c">13</subfield>
    <subfield code="d">1972-08-01</subfield>
    <subfield code="h">N&#xBA; 43 - ago./oct. 1972</subfield>
    <subfield code="l">0</subfield>
    <subfield code="o">H34 DER 43 Ej.2</subfield>
    <subfield code="p">R14947</subfield>
    <subfield code="r">2026-04-10 16:08:59</subfield>
    <subfield code="w">2026-04-10</subfield>
    <subfield code="y">RN</subfield>
  </datafield>
  <datafield tag="952" ind1=" " ind2=" ">
    <subfield code="0">0</subfield>
    <subfield code="1">0</subfield>
    <subfield code="4">0</subfield>
    <subfield code="7">0</subfield>
    <subfield code="a">BCEJYS</subfield>
    <subfield code="b">BCEJYS</subfield>
    <subfield code="c">13</subfield>
    <subfield code="d">1972-05-01</subfield>
    <subfield code="h">N&#xBA; 42 - mayo/jul. 1972</subfield>
    <subfield code="l">0</subfield>
    <subfield code="o">H34 DER 42</subfield>
    <subfield code="p">R14942</subfield>
    <subfield code="r">2026-04-10 16:08:59</subfield>
    <subfield code="w">2026-04-10</subfield>
    <subfield code="y">RN</subfield>
  </datafield>
  <datafield tag="952" ind1=" " ind2=" ">
    <subfield code="0">0</subfield>
    <subfield code="1">0</subfield>
    <subfield code="4">0</subfield>
    <subfield code="7">0</subfield>
    <subfield code="a">BCEJYS</subfield>
    <subfield code="b">BCEJYS</subfield>
    <subfield code="c">13</subfield>
    <subfield code="d">1972-05-01</subfield>
    <subfield code="h">N&#xBA; 42 - mayo/jul. 1972</subfield>
    <subfield code="l">0</subfield>
    <subfield code="o">H34 DER 42 Ej.2</subfield>
    <subfield code="p">R14943</subfield>
    <subfield code="r">2026-04-10 16:08:59</subfield>
    <subfield code="w">2026-04-10</subfield>
    <subfield code="y">RN</subfield>
  </datafield>
  <datafield tag="952" ind1=" " ind2=" ">
    <subfield code="0">0</subfield>
    <subfield code="1">0</subfield>
    <subfield code="4">0</subfield>
    <subfield code="7">0</subfield>
    <subfield code="a">BCEJYS</subfield>
    <subfield code="b">BCEJYS</subfield>
    <subfield code="c">13</subfield>
    <subfield code="d">1972-03-01</subfield>
    <subfield code="h">N&#xBA; 41 - mar./abr. 1972</subfield>
    <subfield code="l">0</subfield>
    <subfield code="o">H34 DER 41</subfield>
    <subfield code="p">R14940</subfield>
    <subfield code="r">2026-04-10 16:08:59</subfield>
    <subfield code="w">2026-04-10</subfield>
    <subfield code="y">RN</subfield>
  </datafield>
  <datafield tag="952" ind1=" " ind2=" ">
    <subfield code="0">0</subfield>
    <subfield code="1">0</subfield>
    <subfield code="4">0</subfield>
    <subfield code="7">0</subfield>
    <subfield code="a">BCEJYS</subfield>
    <subfield code="b">BCEJYS</subfield>
    <subfield code="c">13</subfield>
    <subfield code="d">1972-03-01</subfield>
    <subfield code="h">N&#xBA; 41 - mar./abr. 1972</subfield>
    <subfield code="l">0</subfield>
    <subfield code="o">H34 DER 41 Ej.2</subfield>
    <subfield code="p">R14941</subfield>
    <subfield code="r">2026-04-10 16:08:59</subfield>
    <subfield code="w">2026-04-10</subfield>
    <subfield code="y">RN</subfield>
  </datafield>
  <datafield tag="952" ind1=" " ind2=" ">
    <subfield code="0">0</subfield>
    <subfield code="1">0</subfield>
    <subfield code="4">0</subfield>
    <subfield code="7">0</subfield>
    <subfield code="a">BCEJYS</subfield>
    <subfield code="b">BCEJYS</subfield>
    <subfield code="c">13</subfield>
    <subfield code="d">1972-01-01</subfield>
    <subfield code="h">N&#xBA; 40 - ene./feb. 1972</subfield>
    <subfield code="l">0</subfield>
    <subfield code="o">H34 DER 40</subfield>
    <subfield code="p">R14938</subfield>
    <subfield code="r">2026-04-10 16:08:59</subfield>
    <subfield code="w">2026-04-10</subfield>
    <subfield code="y">RN</subfield>
  </datafield>
  <datafield tag="952" ind1=" " ind2=" ">
    <subfield code="0">0</subfield>
    <subfield code="1">0</subfield>
    <subfield code="4">0</subfield>
    <subfield code="7">0</subfield>
    <subfield code="a">BCEJYS</subfield>
    <subfield code="b">BCEJYS</subfield>
    <subfield code="c">13</subfield>
    <subfield code="d">1972-01-01</subfield>
    <subfield code="h">N&#xBA; 40 - ene./feb. 1972</subfield>
    <subfield code="l">0</subfield>
    <subfield code="o">H34 DER 40 Ej.2</subfield>
    <subfield code="p">R14939</subfield>
    <subfield code="r">2026-04-10 16:08:59</subfield>
    <subfield code="w">2026-04-10</subfield>
    <subfield code="y">RN</subfield>
  </datafield>
  <datafield tag="952" ind1=" " ind2=" ">
    <subfield code="0">0</subfield>
    <subfield code="1">0</subfield>
    <subfield code="4">0</subfield>
    <subfield code="7">0</subfield>
    <subfield code="a">BCEJYS</subfield>
    <subfield code="b">BCEJYS</subfield>
    <subfield code="c">13</subfield>
    <subfield code="d">1971-11-01</subfield>
    <subfield code="h">N&#xBA; 39 - nov./dic. 1971</subfield>
    <subfield code="l">0</subfield>
    <subfield code="o">H34 DER 39</subfield>
    <subfield code="p">R14936</subfield>
    <subfield code="r">2026-04-10 16:08:59</subfield>
    <subfield code="w">2026-04-10</subfield>
    <subfield code="y">RN</subfield>
  </datafield>
  <datafield tag="952" ind1=" " ind2=" ">
    <subfield code="0">0</subfield>
    <subfield code="1">0</subfield>
    <subfield code="4">0</subfield>
    <subfield code="7">0</subfield>
    <subfield code="a">BCEJYS</subfield>
    <subfield code="b">BCEJYS</subfield>
    <subfield code="c">13</subfield>
    <subfield code="d">1971-11-01</subfield>
    <subfield code="h">N&#xBA; 39 - nov./dic. 1971</subfield>
    <subfield code="l">0</subfield>
    <subfield code="o">H34 DER 39 Ej.2</subfield>
    <subfield code="p">R14937</subfield>
    <subfield code="r">2026-04-10 16:08:59</subfield>
    <subfield code="w">2026-04-10</subfield>
    <subfield code="y">RN</subfield>
  </datafield>
  <datafield tag="952" ind1=" " ind2=" ">
    <subfield code="0">0</subfield>
    <subfield code="1">0</subfield>
    <subfield code="4">0</subfield>
    <subfield code="7">0</subfield>
    <subfield code="a">BCEJYS</subfield>
    <subfield code="b">BCEJYS</subfield>
    <subfield code="c">13</subfield>
    <subfield code="d">1971-08-01</subfield>
    <subfield code="h">N&#xBA; 38 - ago./oct. 1971</subfield>
    <subfield code="l">0</subfield>
    <subfield code="o">H34 DER 38</subfield>
    <subfield code="p">R14934</subfield>
    <subfield code="r">2026-04-10 16:08:59</subfield>
    <subfield code="w">2026-04-10</subfield>
    <subfield code="y">RN</subfield>
  </datafield>
  <datafield tag="952" ind1=" " ind2=" ">
    <subfield code="0">0</subfield>
    <subfield code="1">0</subfield>
    <subfield code="4">0</subfield>
    <subfield code="7">0</subfield>
    <subfield code="a">BCEJYS</subfield>
    <subfield code="b">BCEJYS</subfield>
    <subfield code="c">13</subfield>
    <subfield code="d">1971-08-01</subfield>
    <subfield code="h">N&#xBA; 38 - ago./oct. 1971</subfield>
    <subfield code="l">0</subfield>
    <subfield code="o">H34 DER 38 Ej.2</subfield>
    <subfield code="p">R14935</subfield>
    <subfield code="r">2026-04-10 16:08:59</subfield>
    <subfield code="w">2026-04-10</subfield>
    <subfield code="y">RN</subfield>
  </datafield>
  <datafield tag="952" ind1=" " ind2=" ">
    <subfield code="0">0</subfield>
    <subfield code="1">0</subfield>
    <subfield code="4">0</subfield>
    <subfield code="7">0</subfield>
    <subfield code="a">BCEJYS</subfield>
    <subfield code="b">BCEJYS</subfield>
    <subfield code="c">13</subfield>
    <subfield code="d">1971-05-01</subfield>
    <subfield code="h">N&#xBA; 37 - mayo/jul. 1971</subfield>
    <subfield code="l">0</subfield>
    <subfield code="o">H34 DER 37</subfield>
    <subfield code="p">R14932</subfield>
    <subfield code="r">2026-04-10 16:08:59</subfield>
    <subfield code="w">2026-04-10</subfield>
    <subfield code="y">RN</subfield>
  </datafield>
  <datafield tag="952" ind1=" " ind2=" ">
    <subfield code="0">0</subfield>
    <subfield code="1">0</subfield>
    <subfield code="4">0</subfield>
    <subfield code="7">0</subfield>
    <subfield code="a">BCEJYS</subfield>
    <subfield code="b">BCEJYS</subfield>
    <subfield code="c">13</subfield>
    <subfield code="d">1971-05-01</subfield>
    <subfield code="h">N&#xBA; 37 - mayo/jul. 1971</subfield>
    <subfield code="l">0</subfield>
    <subfield code="o">H34 DER 37 Ej.2</subfield>
    <subfield code="p">R14933</subfield>
    <subfield code="r">2026-04-10 16:08:59</subfield>
    <subfield code="w">2026-04-10</subfield>
    <subfield code="y">RN</subfield>
  </datafield>
  <datafield tag="952" ind1=" " ind2=" ">
    <subfield code="0">0</subfield>
    <subfield code="1">0</subfield>
    <subfield code="4">0</subfield>
    <subfield code="7">0</subfield>
    <subfield code="a">BCEJYS</subfield>
    <subfield code="b">BCEJYS</subfield>
    <subfield code="c">13</subfield>
    <subfield code="d">1971-03-01</subfield>
    <subfield code="h">N&#xBA; 36 - mar./abr. 1971</subfield>
    <subfield code="l">0</subfield>
    <subfield code="o">H34 DER 36</subfield>
    <subfield code="p">R14930</subfield>
    <subfield code="r">2026-04-10 16:08:59</subfield>
    <subfield code="w">2026-04-10</subfield>
    <subfield code="y">RN</subfield>
  </datafield>
  <datafield tag="952" ind1=" " ind2=" ">
    <subfield code="0">0</subfield>
    <subfield code="1">0</subfield>
    <subfield code="4">0</subfield>
    <subfield code="7">0</subfield>
    <subfield code="a">BCEJYS</subfield>
    <subfield code="b">BCEJYS</subfield>
    <subfield code="c">13</subfield>
    <subfield code="d">1971-03-01</subfield>
    <subfield code="h">N&#xBA; 36 - mar./abr. 1971</subfield>
    <subfield code="l">0</subfield>
    <subfield code="o">H34 DER 36 Ej.2</subfield>
    <subfield code="p">R14931</subfield>
    <subfield code="r">2026-04-10 16:08:59</subfield>
    <subfield code="w">2026-04-10</subfield>
    <subfield code="y">RN</subfield>
  </datafield>
  <datafield tag="952" ind1=" " ind2=" ">
    <subfield code="0">0</subfield>
    <subfield code="1">0</subfield>
    <subfield code="4">0</subfield>
    <subfield code="7">0</subfield>
    <subfield code="a">BCEJYS</subfield>
    <subfield code="b">BCEJYS</subfield>
    <subfield code="c">13</subfield>
    <subfield code="d">1971-01-01</subfield>
    <subfield code="h">N&#xBA; 35 - ene./feb. 1971</subfield>
    <subfield code="l">0</subfield>
    <subfield code="o">H34 DER 35</subfield>
    <subfield code="p">R14928</subfield>
    <subfield code="r">2026-04-10 16:08:59</subfield>
    <subfield code="w">2026-04-10</subfield>
    <subfield code="y">RN</subfield>
  </datafield>
  <datafield tag="952" ind1=" " ind2=" ">
    <subfield code="0">0</subfield>
    <subfield code="1">0</subfield>
    <subfield code="4">0</subfield>
    <subfield code="7">0</subfield>
    <subfield code="a">BCEJYS</subfield>
    <subfield code="b">BCEJYS</subfield>
    <subfield code="c">13</subfield>
    <subfield code="d">1971-01-01</subfield>
    <subfield code="h">N&#xBA; 35 - ene./feb. 1971</subfield>
    <subfield code="l">0</subfield>
    <subfield code="o">H34 DER 35 Ej.2</subfield>
    <subfield code="p">R14929</subfield>
    <subfield code="r">2026-04-10 16:08:59</subfield>
    <subfield code="w">2026-04-10</subfield>
    <subfield code="y">RN</subfield>
  </datafield>
  <datafield tag="952" ind1=" " ind2=" ">
    <subfield code="0">0</subfield>
    <subfield code="1">0</subfield>
    <subfield code="4">0</subfield>
    <subfield code="7">0</subfield>
    <subfield code="a">BCEJYS</subfield>
    <subfield code="b">BCEJYS</subfield>
    <subfield code="c">13</subfield>
    <subfield code="d">1970-11-01</subfield>
    <subfield code="h">N&#xBA; 34 - nov./dic. 1970</subfield>
    <subfield code="l">0</subfield>
    <subfield code="o">H34 DER 34</subfield>
    <subfield code="p">R14926</subfield>
    <subfield code="r">2026-04-10 16:08:59</subfield>
    <subfield code="w">2026-04-10</subfield>
    <subfield code="y">RN</subfield>
  </datafield>
  <datafield tag="952" ind1=" " ind2=" ">
    <subfield code="0">0</subfield>
    <subfield code="1">0</subfield>
    <subfield code="4">0</subfield>
    <subfield code="7">0</subfield>
    <subfield code="a">BCEJYS</subfield>
    <subfield code="b">BCEJYS</subfield>
    <subfield code="c">13</subfield>
    <subfield code="d">1970-11-01</subfield>
    <subfield code="h">N&#xBA; 34 - nov./dic. 1970</subfield>
    <subfield code="l">0</subfield>
    <subfield code="o">H34 DER 34 Ej.2</subfield>
    <subfield code="p">R14927</subfield>
    <subfield code="r">2026-04-10 16:08:59</subfield>
    <subfield code="w">2026-04-10</subfield>
    <subfield code="y">RN</subfield>
  </datafield>
  <datafield tag="952" ind1=" " ind2=" ">
    <subfield code="0">0</subfield>
    <subfield code="1">0</subfield>
    <subfield code="4">0</subfield>
    <subfield code="7">0</subfield>
    <subfield code="a">BCEJYS</subfield>
    <subfield code="b">BCEJYS</subfield>
    <subfield code="c">13</subfield>
    <subfield code="d">1970-08-01</subfield>
    <subfield code="h">N&#xBA; 33 - ago./oct. 1970</subfield>
    <subfield code="l">0</subfield>
    <subfield code="o">H34 DER 33</subfield>
    <subfield code="p">R14924</subfield>
    <subfield code="r">2026-04-10 16:08:59</subfield>
    <subfield code="w">2026-04-10</subfield>
    <subfield code="y">RN</subfield>
  </datafield>
  <datafield tag="952" ind1=" " ind2=" ">
    <subfield code="0">0</subfield>
    <subfield code="1">0</subfield>
    <subfield code="4">0</subfield>
    <subfield code="7">0</subfield>
    <subfield code="a">BCEJYS</subfield>
    <subfield code="b">BCEJYS</subfield>
    <subfield code="c">13</subfield>
    <subfield code="d">1970-08-01</subfield>
    <subfield code="h">N&#xBA; 33 - ago./oct. 1970</subfield>
    <subfield code="l">0</subfield>
    <subfield code="o">H34 DER 33 Ej.2</subfield>
    <subfield code="p">R14925</subfield>
    <subfield code="r">2026-04-10 16:08:59</subfield>
    <subfield code="w">2026-04-10</subfield>
    <subfield code="y">RN</subfield>
  </datafield>
  <datafield tag="952" ind1=" " ind2=" ">
    <subfield code="0">0</subfield>
    <subfield code="1">0</subfield>
    <subfield code="4">0</subfield>
    <subfield code="7">0</subfield>
    <subfield code="a">BCEJYS</subfield>
    <subfield code="b">BCEJYS</subfield>
    <subfield code="c">13</subfield>
    <subfield code="d">1970-05-01</subfield>
    <subfield code="h">N&#xBA; 32 - may./jul. 1970</subfield>
    <subfield code="l">0</subfield>
    <subfield code="o">H34 DER 32</subfield>
    <subfield code="p">R14922</subfield>
    <subfield code="r">2026-04-10 16:08:59</subfield>
    <subfield code="w">2026-04-10</subfield>
    <subfield code="y">RN</subfield>
  </datafield>
  <datafield tag="952" ind1=" " ind2=" ">
    <subfield code="0">0</subfield>
    <subfield code="1">0</subfield>
    <subfield code="4">0</subfield>
    <subfield code="7">0</subfield>
    <subfield code="a">BCEJYS</subfield>
    <subfield code="b">BCEJYS</subfield>
    <subfield code="c">13</subfield>
    <subfield code="d">1970-05-01</subfield>
    <subfield code="h">N&#xBA; 32 - may./jul. 1970</subfield>
    <subfield code="l">0</subfield>
    <subfield code="o">H34 DER 32 Ej.2</subfield>
    <subfield code="p">R14923</subfield>
    <subfield code="r">2026-04-10 16:08:59</subfield>
    <subfield code="w">2026-04-10</subfield>
    <subfield code="y">RN</subfield>
  </datafield>
  <datafield tag="952" ind1=" " ind2=" ">
    <subfield code="0">0</subfield>
    <subfield code="1">0</subfield>
    <subfield code="4">0</subfield>
    <subfield code="7">0</subfield>
    <subfield code="a">BCEJYS</subfield>
    <subfield code="b">BCEJYS</subfield>
    <subfield code="c">13</subfield>
    <subfield code="d">1970-03-01</subfield>
    <subfield code="h">N&#xBA; 31 - mar./abr. 1970</subfield>
    <subfield code="l">0</subfield>
    <subfield code="o">H34 DER 31</subfield>
    <subfield code="p">R14921</subfield>
    <subfield code="r">2026-04-10 16:08:59</subfield>
    <subfield code="w">2026-04-10</subfield>
    <subfield code="y">RN</subfield>
  </datafield>
  <datafield tag="952" ind1=" " ind2=" ">
    <subfield code="0">0</subfield>
    <subfield code="1">0</subfield>
    <subfield code="4">0</subfield>
    <subfield code="7">0</subfield>
    <subfield code="a">BCEJYS</subfield>
    <subfield code="b">BCEJYS</subfield>
    <subfield code="c">13</subfield>
    <subfield code="d">1970-01-01</subfield>
    <subfield code="h">N&#xBA; 30 - ene./feb. 1970</subfield>
    <subfield code="l">0</subfield>
    <subfield code="o">H34 DER 30</subfield>
    <subfield code="p">R14919</subfield>
    <subfield code="r">2026-04-10 16:08:59</subfield>
    <subfield code="w">2026-04-10</subfield>
    <subfield code="y">RN</subfield>
  </datafield>
  <datafield tag="952" ind1=" " ind2=" ">
    <subfield code="0">0</subfield>
    <subfield code="1">0</subfield>
    <subfield code="4">0</subfield>
    <subfield code="7">0</subfield>
    <subfield code="a">BCEJYS</subfield>
    <subfield code="b">BCEJYS</subfield>
    <subfield code="c">13</subfield>
    <subfield code="d">1970-01-01</subfield>
    <subfield code="h">N&#xBA; 30 - ene./feb. 1970</subfield>
    <subfield code="l">0</subfield>
    <subfield code="o">H34 DER 30 Ej.2</subfield>
    <subfield code="p">R14920</subfield>
    <subfield code="r">2026-04-10 16:08:59</subfield>
    <subfield code="w">2026-04-10</subfield>
    <subfield code="y">RN</subfield>
  </datafield>
  <datafield tag="952" ind1=" " ind2=" ">
    <subfield code="0">0</subfield>
    <subfield code="1">0</subfield>
    <subfield code="4">0</subfield>
    <subfield code="7">0</subfield>
    <subfield code="a">BCEJYS</subfield>
    <subfield code="b">BCEJYS</subfield>
    <subfield code="c">13</subfield>
    <subfield code="d">1969-08-01</subfield>
    <subfield code="h">N&#xBA; 29 - ago./oct. 1969</subfield>
    <subfield code="l">0</subfield>
    <subfield code="o">H34 DER 29</subfield>
    <subfield code="p">R14914</subfield>
    <subfield code="r">2026-04-10 16:08:59</subfield>
    <subfield code="w">2026-04-10</subfield>
    <subfield code="y">RN</subfield>
  </datafield>
  <datafield tag="952" ind1=" " ind2=" ">
    <subfield code="0">0</subfield>
    <subfield code="1">0</subfield>
    <subfield code="4">0</subfield>
    <subfield code="7">0</subfield>
    <subfield code="a">BCEJYS</subfield>
    <subfield code="b">BCEJYS</subfield>
    <subfield code="c">13</subfield>
    <subfield code="d">1969-08-01</subfield>
    <subfield code="h">N&#xBA; 29 - ago./oct. 1969</subfield>
    <subfield code="l">0</subfield>
    <subfield code="o">H34 DER 29 Ej.2</subfield>
    <subfield code="p">R14915</subfield>
    <subfield code="r">2026-04-10 16:08:59</subfield>
    <subfield code="w">2026-04-10</subfield>
    <subfield code="y">RN</subfield>
  </datafield>
  <datafield tag="952" ind1=" " ind2=" ">
    <subfield code="0">0</subfield>
    <subfield code="1">0</subfield>
    <subfield code="4">0</subfield>
    <subfield code="7">0</subfield>
    <subfield code="a">BCEJYS</subfield>
    <subfield code="b">BCEJYS</subfield>
    <subfield code="c">13</subfield>
    <subfield code="d">1969-05-01</subfield>
    <subfield code="h">N&#xBA; 28 - mayo./jul. 1969</subfield>
    <subfield code="l">0</subfield>
    <subfield code="o">H34 DER 28</subfield>
    <subfield code="p">R14913</subfield>
    <subfield code="r">2026-04-10 16:08:59</subfield>
    <subfield code="w">2026-04-10</subfield>
    <subfield code="y">RN</subfield>
  </datafield>
  <datafield tag="952" ind1=" " ind2=" ">
    <subfield code="0">0</subfield>
    <subfield code="1">0</subfield>
    <subfield code="4">0</subfield>
    <subfield code="7">0</subfield>
    <subfield code="a">BCEJYS</subfield>
    <subfield code="b">BCEJYS</subfield>
    <subfield code="c">13</subfield>
    <subfield code="d">1969-03-01</subfield>
    <subfield code="h">N&#xBA; 27 - mar./abr. 1969</subfield>
    <subfield code="l">0</subfield>
    <subfield code="o">H34 DER 27</subfield>
    <subfield code="p">R14912</subfield>
    <subfield code="r">2026-04-10 16:08:59</subfield>
    <subfield code="w">2026-04-10</subfield>
    <subfield code="y">RN</subfield>
  </datafield>
  <datafield tag="952" ind1=" " ind2=" ">
    <subfield code="0">0</subfield>
    <subfield code="1">0</subfield>
    <subfield code="4">0</subfield>
    <subfield code="7">0</subfield>
    <subfield code="a">BCEJYS</subfield>
    <subfield code="b">BCEJYS</subfield>
    <subfield code="c">13</subfield>
    <subfield code="d">1969-03-01</subfield>
    <subfield code="h">N&#xBA; 26 - mar./abr. 1969</subfield>
    <subfield code="l">0</subfield>
    <subfield code="o">H34 DER 26</subfield>
    <subfield code="p">R14911</subfield>
    <subfield code="r">2026-04-10 16:08:59</subfield>
    <subfield code="w">2026-04-10</subfield>
    <subfield code="y">RN</subfield>
  </datafield>
  <datafield tag="952" ind1=" " ind2=" ">
    <subfield code="0">0</subfield>
    <subfield code="1">0</subfield>
    <subfield code="4">0</subfield>
    <subfield code="7">0</subfield>
    <subfield code="a">BCEJYS</subfield>
    <subfield code="b">BCEJYS</subfield>
    <subfield code="c">13</subfield>
    <subfield code="d">1969-01-01</subfield>
    <subfield code="h">N&#xBA; 25 - ene./feb. 1969</subfield>
    <subfield code="l">0</subfield>
    <subfield code="o">H34 DER 25</subfield>
    <subfield code="p">R14909</subfield>
    <subfield code="r">2026-04-10 16:08:59</subfield>
    <subfield code="w">2026-04-10</subfield>
    <subfield code="y">RN</subfield>
  </datafield>
  <datafield tag="952" ind1=" " ind2=" ">
    <subfield code="0">0</subfield>
    <subfield code="1">0</subfield>
    <subfield code="4">0</subfield>
    <subfield code="7">0</subfield>
    <subfield code="a">BCEJYS</subfield>
    <subfield code="b">BCEJYS</subfield>
    <subfield code="c">13</subfield>
    <subfield code="d">1969-01-01</subfield>
    <subfield code="h">N&#xBA; 25 - ene./feb. 1969</subfield>
    <subfield code="l">0</subfield>
    <subfield code="o">H34 DER 25 Ej.2</subfield>
    <subfield code="p">R14910</subfield>
    <subfield code="r">2026-04-10 16:08:59</subfield>
    <subfield code="w">2026-04-10</subfield>
    <subfield code="y">RN</subfield>
  </datafield>
  <datafield tag="952" ind1=" " ind2=" ">
    <subfield code="0">0</subfield>
    <subfield code="1">0</subfield>
    <subfield code="4">0</subfield>
    <subfield code="7">0</subfield>
    <subfield code="a">BCEJYS</subfield>
    <subfield code="b">BCEJYS</subfield>
    <subfield code="c">13</subfield>
    <subfield code="d">1967-10-01</subfield>
    <subfield code="h">N&#xBA; 20 - oct./dic. 1967</subfield>
    <subfield code="l">0</subfield>
    <subfield code="o">H34 DER 20</subfield>
    <subfield code="p">R14908</subfield>
    <subfield code="r">2026-04-10 16:08:59</subfield>
    <subfield code="w">2026-04-10</subfield>
    <subfield code="y">RN</subfield>
  </datafield>
  <datafield tag="952" ind1=" " ind2=" ">
    <subfield code="0">0</subfield>
    <subfield code="1">0</subfield>
    <subfield code="4">0</subfield>
    <subfield code="7">0</subfield>
    <subfield code="a">BCEJYS</subfield>
    <subfield code="b">BCEJYS</subfield>
    <subfield code="c">13</subfield>
    <subfield code="d">1967-07-01</subfield>
    <subfield code="h">N&#xBA; 19 - jul./sep. 1967</subfield>
    <subfield code="l">0</subfield>
    <subfield code="o">H34 DER 19</subfield>
    <subfield code="p">R14907</subfield>
    <subfield code="r">2026-04-10 16:08:59</subfield>
    <subfield code="w">2026-04-10</subfield>
    <subfield code="y">RN</subfield>
  </datafield>
  <datafield tag="952" ind1=" " ind2=" ">
    <subfield code="0">0</subfield>
    <subfield code="1">0</subfield>
    <subfield code="4">0</subfield>
    <subfield code="7">0</subfield>
    <subfield code="a">BCEJYS</subfield>
    <subfield code="b">BCEJYS</subfield>
    <subfield code="c">13</subfield>
    <subfield code="d">1967-04-01</subfield>
    <subfield code="h">N&#xBA; 18 - abr./jun. 1967</subfield>
    <subfield code="l">0</subfield>
    <subfield code="o">H34 DER 18</subfield>
    <subfield code="p">R14906</subfield>
    <subfield code="r">2026-04-10 16:08:59</subfield>
    <subfield code="w">2026-04-10</subfield>
    <subfield code="y">RN</subfield>
  </datafield>
  <datafield tag="952" ind1=" " ind2=" ">
    <subfield code="0">0</subfield>
    <subfield code="1">0</subfield>
    <subfield code="4">0</subfield>
    <subfield code="7">0</subfield>
    <subfield code="a">BCEJYS</subfield>
    <subfield code="b">BCEJYS</subfield>
    <subfield code="c">13</subfield>
    <subfield code="d">1967-01-01</subfield>
    <subfield code="h">N&#xBA; 17 - ene./mar. 1967</subfield>
    <subfield code="l">0</subfield>
    <subfield code="o">H34 DER 17</subfield>
    <subfield code="p">R14905</subfield>
    <subfield code="r">2026-04-10 16:08:59</subfield>
    <subfield code="w">2026-04-10</subfield>
    <subfield code="y">RN</subfield>
  </datafield>
  <datafield tag="952" ind1=" " ind2=" ">
    <subfield code="0">0</subfield>
    <subfield code="1">0</subfield>
    <subfield code="4">0</subfield>
    <subfield code="7">0</subfield>
    <subfield code="a">BCEJYS</subfield>
    <subfield code="b">BCEJYS</subfield>
    <subfield code="c">13</subfield>
    <subfield code="d">1966-10-01</subfield>
    <subfield code="h">N&#xBA; 16 - oct./dic. 1966</subfield>
    <subfield code="l">0</subfield>
    <subfield code="o">H34 DER 16</subfield>
    <subfield code="p">R14904</subfield>
    <subfield code="r">2026-04-10 16:08:59</subfield>
    <subfield code="w">2026-04-10</subfield>
    <subfield code="y">RN</subfield>
  </datafield>
  <datafield tag="952" ind1=" " ind2=" ">
    <subfield code="0">0</subfield>
    <subfield code="1">0</subfield>
    <subfield code="4">0</subfield>
    <subfield code="7">0</subfield>
    <subfield code="a">BCEJYS</subfield>
    <subfield code="b">BCEJYS</subfield>
    <subfield code="c">13</subfield>
    <subfield code="d">1966-07-01</subfield>
    <subfield code="h">N&#xBA; 15 - jul./sep. 1966</subfield>
    <subfield code="l">0</subfield>
    <subfield code="o">H34 DER 15</subfield>
    <subfield code="p">R14903</subfield>
    <subfield code="r">2026-04-10 16:08:59</subfield>
    <subfield code="w">2026-04-10</subfield>
    <subfield code="y">RN</subfield>
  </datafield>
  <datafield tag="952" ind1=" " ind2=" ">
    <subfield code="0">0</subfield>
    <subfield code="1">0</subfield>
    <subfield code="4">0</subfield>
    <subfield code="7">0</subfield>
    <subfield code="a">BCEJYS</subfield>
    <subfield code="b">BCEJYS</subfield>
    <subfield code="c">13</subfield>
    <subfield code="d">1966-04-01</subfield>
    <subfield code="h">N&#xBA; 14 - abr./jun. 1966</subfield>
    <subfield code="l">0</subfield>
    <subfield code="o">H34 DER 14</subfield>
    <subfield code="p">R14902</subfield>
    <subfield code="r">2026-04-10 16:08:59</subfield>
    <subfield code="w">2026-04-10</subfield>
    <subfield code="y">RN</subfield>
  </datafield>
  <datafield tag="952" ind1=" " ind2=" ">
    <subfield code="0">0</subfield>
    <subfield code="1">0</subfield>
    <subfield code="4">0</subfield>
    <subfield code="7">0</subfield>
    <subfield code="a">BCEJYS</subfield>
    <subfield code="b">BCEJYS</subfield>
    <subfield code="c">13</subfield>
    <subfield code="d">1966-01-01</subfield>
    <subfield code="h">N&#xBA; 13 - ene./mar. 1966</subfield>
    <subfield code="l">0</subfield>
    <subfield code="o">H34 DER 13</subfield>
    <subfield code="p">R14901</subfield>
    <subfield code="r">2026-04-10 16:08:59</subfield>
    <subfield code="w">2026-04-10</subfield>
    <subfield code="y">RN</subfield>
  </datafield>
  <datafield tag="952" ind1=" " ind2=" ">
    <subfield code="0">0</subfield>
    <subfield code="1">0</subfield>
    <subfield code="4">0</subfield>
    <subfield code="7">0</subfield>
    <subfield code="a">BCEJYS</subfield>
    <subfield code="b">BCEJYS</subfield>
    <subfield code="c">13</subfield>
    <subfield code="d">1965-09-01</subfield>
    <subfield code="h">N&#xBA; 12 - sep./dic. 1965</subfield>
    <subfield code="l">0</subfield>
    <subfield code="o">H34 DER 12</subfield>
    <subfield code="p">R14900</subfield>
    <subfield code="r">2026-04-10 16:08:59</subfield>
    <subfield code="w">2026-04-10</subfield>
    <subfield code="y">RN</subfield>
  </datafield>
  <datafield tag="952" ind1=" " ind2=" ">
    <subfield code="0">0</subfield>
    <subfield code="1">0</subfield>
    <subfield code="4">0</subfield>
    <subfield code="7">0</subfield>
    <subfield code="a">BCEJYS</subfield>
    <subfield code="b">BCEJYS</subfield>
    <subfield code="c">13</subfield>
    <subfield code="d">1965-05-01</subfield>
    <subfield code="h">N&#xBA; 11 - mayo/ago. 1965</subfield>
    <subfield code="l">0</subfield>
    <subfield code="o">H34 DER 11</subfield>
    <subfield code="p">R14899</subfield>
    <subfield code="r">2026-04-10 16:08:59</subfield>
    <subfield code="w">2026-04-10</subfield>
    <subfield code="y">RN</subfield>
  </datafield>
  <datafield tag="952" ind1=" " ind2=" ">
    <subfield code="0">0</subfield>
    <subfield code="1">0</subfield>
    <subfield code="4">0</subfield>
    <subfield code="7">0</subfield>
    <subfield code="a">BCEJYS</subfield>
    <subfield code="b">BCEJYS</subfield>
    <subfield code="c">13</subfield>
    <subfield code="d">1965-01-01</subfield>
    <subfield code="h">N&#xBA; 10 - ene./abr. 1965</subfield>
    <subfield code="l">0</subfield>
    <subfield code="o">H34 DER 10</subfield>
    <subfield code="p">R14898</subfield>
    <subfield code="r">2026-04-10 16:08:59</subfield>
    <subfield code="w">2026-04-10</subfield>
    <subfield code="y">RN</subfield>
  </datafield>
  <datafield tag="952" ind1=" " ind2=" ">
    <subfield code="0">0</subfield>
    <subfield code="1">0</subfield>
    <subfield code="4">0</subfield>
    <subfield code="7">0</subfield>
    <subfield code="a">BCEJYS</subfield>
    <subfield code="b">BCEJYS</subfield>
    <subfield code="c">13</subfield>
    <subfield code="d">1964-09-01</subfield>
    <subfield code="h">N&#xBA; 9 - sep./dic. 1964</subfield>
    <subfield code="l">0</subfield>
    <subfield code="o">H34 DER 9</subfield>
    <subfield code="p">R14897</subfield>
    <subfield code="r">2026-04-10 16:08:59</subfield>
    <subfield code="w">2026-04-10</subfield>
    <subfield code="y">RN</subfield>
  </datafield>
  <datafield tag="952" ind1=" " ind2=" ">
    <subfield code="0">0</subfield>
    <subfield code="1">0</subfield>
    <subfield code="4">0</subfield>
    <subfield code="7">0</subfield>
    <subfield code="a">BCEJYS</subfield>
    <subfield code="b">BCEJYS</subfield>
    <subfield code="c">13</subfield>
    <subfield code="d">1964-05-01</subfield>
    <subfield code="h">N&#xBA; 8 - mayo/ago. 1964</subfield>
    <subfield code="l">0</subfield>
    <subfield code="o">H34 DER 8</subfield>
    <subfield code="p">R14896</subfield>
    <subfield code="r">2026-04-10 16:08:59</subfield>
    <subfield code="w">2026-04-10</subfield>
    <subfield code="y">RN</subfield>
  </datafield>
  <datafield tag="952" ind1=" " ind2=" ">
    <subfield code="0">0</subfield>
    <subfield code="1">0</subfield>
    <subfield code="4">0</subfield>
    <subfield code="7">0</subfield>
    <subfield code="a">BCEJYS</subfield>
    <subfield code="b">BCEJYS</subfield>
    <subfield code="c">13</subfield>
    <subfield code="d">1964-01-01</subfield>
    <subfield code="h">N&#xBA; 7 - ene./abr. 1964</subfield>
    <subfield code="l">0</subfield>
    <subfield code="o">H34 DER 7</subfield>
    <subfield code="p">R14895</subfield>
    <subfield code="r">2026-04-10 16:08:59</subfield>
    <subfield code="w">2026-04-10</subfield>
    <subfield code="y">RN</subfield>
  </datafield>
  <datafield tag="952" ind1=" " ind2=" ">
    <subfield code="0">0</subfield>
    <subfield code="1">0</subfield>
    <subfield code="4">0</subfield>
    <subfield code="7">0</subfield>
    <subfield code="a">BCEJYS</subfield>
    <subfield code="b">BCEJYS</subfield>
    <subfield code="c">13</subfield>
    <subfield code="d">1963-09-01</subfield>
    <subfield code="h">N&#xBA; 6 - sep./dic. 1963</subfield>
    <subfield code="l">0</subfield>
    <subfield code="o">H34 DER 6</subfield>
    <subfield code="p">R14894</subfield>
    <subfield code="r">2026-04-10 16:08:59</subfield>
    <subfield code="w">2026-04-10</subfield>
    <subfield code="y">RN</subfield>
  </datafield>
  <datafield tag="952" ind1=" " ind2=" ">
    <subfield code="0">0</subfield>
    <subfield code="1">0</subfield>
    <subfield code="4">0</subfield>
    <subfield code="7">0</subfield>
    <subfield code="a">BCEJYS</subfield>
    <subfield code="b">BCEJYS</subfield>
    <subfield code="c">13</subfield>
    <subfield code="d">1963-05-01</subfield>
    <subfield code="h">N&#xBA; 5 - mayo/ago. 1963</subfield>
    <subfield code="l">0</subfield>
    <subfield code="o">H34 DER 5</subfield>
    <subfield code="p">R14893</subfield>
    <subfield code="r">2026-04-10 16:08:59</subfield>
    <subfield code="w">2026-04-10</subfield>
    <subfield code="y">RN</subfield>
  </datafield>
  <datafield tag="952" ind1=" " ind2=" ">
    <subfield code="0">0</subfield>
    <subfield code="1">0</subfield>
    <subfield code="4">0</subfield>
    <subfield code="7">0</subfield>
    <subfield code="a">BCEJYS</subfield>
    <subfield code="b">BCEJYS</subfield>
    <subfield code="c">13</subfield>
    <subfield code="d">1963-01-01</subfield>
    <subfield code="h">N&#xBA; 4 - ene./abr. 1963</subfield>
    <subfield code="l">0</subfield>
    <subfield code="o">H34 DER 4</subfield>
    <subfield code="p">R14892</subfield>
    <subfield code="r">2026-04-10 16:08:59</subfield>
    <subfield code="w">2026-04-10</subfield>
    <subfield code="y">RN</subfield>
  </datafield>
  <datafield tag="952" ind1=" " ind2=" ">
    <subfield code="0">0</subfield>
    <subfield code="1">0</subfield>
    <subfield code="4">0</subfield>
    <subfield code="7">0</subfield>
    <subfield code="a">BCEJYS</subfield>
    <subfield code="b">BCEJYS</subfield>
    <subfield code="c">13</subfield>
    <subfield code="d">1962-09-01</subfield>
    <subfield code="h">N&#xBA; 3 - sep./dic. 1962</subfield>
    <subfield code="l">0</subfield>
    <subfield code="o">H34 DER 3</subfield>
    <subfield code="p">R14891</subfield>
    <subfield code="r">2026-04-10 16:08:59</subfield>
    <subfield code="w">2026-04-10</subfield>
    <subfield code="y">RN</subfield>
  </datafield>
  <datafield tag="952" ind1=" " ind2=" ">
    <subfield code="0">0</subfield>
    <subfield code="1">0</subfield>
    <subfield code="4">0</subfield>
    <subfield code="7">0</subfield>
    <subfield code="a">BCEJYS</subfield>
    <subfield code="b">BCEJYS</subfield>
    <subfield code="c">13</subfield>
    <subfield code="d">1962-05-01</subfield>
    <subfield code="h">N&#xBA; 2 - mayo/ago. 1962</subfield>
    <subfield code="l">0</subfield>
    <subfield code="o">H34 DER 2</subfield>
    <subfield code="p">R14890</subfield>
    <subfield code="r">2026-04-10 16:08:59</subfield>
    <subfield code="w">2026-04-10</subfield>
    <subfield code="y">RN</subfield>
  </datafield>
  <datafield tag="952" ind1=" " ind2=" ">
    <subfield code="0">0</subfield>
    <subfield code="1">0</subfield>
    <subfield code="4">0</subfield>
    <subfield code="7">0</subfield>
    <subfield code="a">BCEJYS</subfield>
    <subfield code="b">BCEJYS</subfield>
    <subfield code="c">13</subfield>
    <subfield code="d">1962-01-01</subfield>
    <subfield code="h">N&#xBA; 1 - ene./feb. 1962</subfield>
    <subfield code="l">0</subfield>
    <subfield code="o">H34 DER 1</subfield>
    <subfield code="p">R14889</subfield>
    <subfield code="r">2026-04-10 16:08:59</subfield>
    <subfield code="w">2026-04-10</subfield>
    <subfield code="y">RN</subfield>
  </datafield>
</record>
